{"text_format":"3","workbook":"xls","n_sheets":22,"sheets":["1.1 表-03 单项工程招标控制价表","2.1 表-04 单位工程招标控制价表","2.2 表-08 分部分项工程和单价措施项目清单与计价表","2.3 表-11 总价措施项目清单与计价表","2.4 表-12 其他项目清单与计价汇总表","2.5 表-12-1 暂列金额明细表","2.6 表-13 规费、税金项目计价表","2.7 承包人供应材料一览表（2008清单规范）","3.1 表-04 单位工程招标控制价表","3.2 表-08 分部分项工程和单价措施项目清单与计价表","3.3 表-11 总价措施项目清单与计价表","3.4 表-12 其他项目清单与计价汇总表","3.5 表-12-1 暂列金额明细表","3.6 表-13 规费、税金项目计价表","3.7 承包人供应材料一览表（2008清单规范）","4.1 表-04 单位工程招标控制价表","4.2 表-08 分部分项工程和单价措施项目清单与计价表","4.3 表-11 总价措施项目清单与计价表","4.4 表-12 其他项目清单与计价汇总表","4.5 表-12-1 暂列金额明细表","4.6 表-13 规费、税金项目计价表","4.7 承包人供应材料一览表（2008清单规范）"],"not_rendered":{"external_links":1,"defined_names":22},"read":"whole","date_system":"1900","formulas":"cached_only"}

{"sheet":"1.1 表-03 单项工程招标控制价表","index":0,"n_rows":43,"n_cols":6,"rows_kept":43,"merged":[[0,0,0,5],[1,0,1,2],[1,3,1,5],[2,0,3,0],[2,1,3,1],[2,2,3,2],[2,3,2,5],[40,0,40,1],[42,0,42,5]],"flags":["formulas_cached_only"]}
["单项工程招标控制价表"]
["工程名称：紫琅新天地商管、物管办公区域装修工程",null,null,"第1页 共1页"]
["序号","单位工程名称","金额(元)","其中：(元)"]
[{"$nulls":3},"暂估价","安全文明\n施工费","规费"]
["1","紫琅新天地商管、物管办公区域装修工程-装饰",425799.61,0,6147.13,10713.97]
["2","紫琅新天地商管、物管办公区域装修工程-办公室安装",172950.54,0,1569.09,2668.87]
["3","紫琅新天地商管、物管办公区域装修工程-客服中心安装",54949.61,0,407.89,693.78]
{"$rows_empty":33}
["合  计",null,653699.76,0,8124.11,14076.62]
[]
["【清单大师计价软件江苏版V9.45】"]

{"sheet":"2.1 表-04 单位工程招标控制价表","index":1,"n_rows":45,"n_cols":4,"rows_kept":45,"merged":[[0,0,0,3],[1,0,1,1],[42,0,42,1],[44,0,44,3]],"flags":["formulas_cached_only"]}
["单位工程招标控制价表"]
["工程名称：紫琅新天地商管、物管办公区域装修工程-装饰",null,"标段：","第1页 共1页"]
["序号","汇总内容","金额(元)","其中:暂估价(元)"]
["1","分部分项工程量清单计价合计",309642.66,0]
["1.1","人工费",88191.86,0]
["1.2","材料费",167814.67,0]
["1.3","施工机具使用费",1572.84,0]
["1.4","企业管理费",38600.75,0]
["1.5","利润",13462.52,0]
["2","措施项目清单计价合计",20285.21,0]
["2.1","单价措施项目费",10520.24,0]
["2.2","总价措施项目费",9764.97,0]
["2.2.1","  其中：安全文明施工措施费",6147.13,0]
["3","其他项目清单计价合计",{"v":50000,"d":"50000.00"},0]
["3.1","  其中：暂列金额",{"v":50000,"d":"50000.00"},0]
["3.2","  其中：专业工程暂估价",0,0]
["3.3","  其中：计日工",0,0]
["3.4","  其中：总承包服务费",0,0]
["4","规费",10713.97,0]
["5","税金",35157.77,0]
{"$rows_empty":22}
["招标控制价合计",null,425799.61,0]
[]
["【清单大师计价软件江苏版V9.45】"]

{"sheet":"2.2 表-08 分部分项工程和单价措施项目清单与计价表","index":2,"n_rows":147,"n_cols":9,"rows_kept":147,"merged":[[0,0,0,8],[1,0,1,3],[1,5,1,8],[2,0,4,0],[2,1,4,1],[2,2,4,2],[2,3,4,3],[2,4,4,4],[2,5,4,5],[2,6,2,8],[3,6,4,6],[3,7,4,7],[5,2,5,3],[11,0,11,6],[13,0,13,8],[14,0,14,8],[15,0,15,3],[15,5,15,8],[16,0,18,0],[16,1,18,1],[16,2,18,2],[16,3,18,3],[16,4,18,4],[16,5,18,5],[16,6,16,8],[17,6,18,6],[17,7,18,7],[23,0,23,6],[25,0,25,8],[26,0,26,8],[27,0,27,3],[27,5,27,8],[28,0,30,0],[28,1,30,1],[28,2,30,2],[28,3,30,3],[28,4,30,4],[28,5,30,5],[28,6,28,8],[29,6,30,6],[29,7,30,7],[36,0,36,6],[38,0,38,8],[39,0,39,8],[40,0,40,3],[40,5,40,8],[41,0,43,0],[41,1,43,1],[41,2,43,2],[41,3,43,3],[41,4,43,4],[41,5,43,5],[41,6,41,8],[42,6,43,6],[42,7,43,7],[48,0,48,6],[50,0,50,8],[51,0,51,8],[52,0,52,3],[52,5,52,8],[53,0,55,0],[53,1,55,1],[53,2,55,2],[53,3,55,3],[53,4,55,4],[53,5,55,5],[53,6,53,8],[54,6,55,6],[54,7,55,7],[58,2,58,3],[59,2,59,3],[63,0,63,6],[65,0,65,8],[66,0,66,8],[67,0,67,3],[67,5,67,8],[68,0,70,0],[68,1,70,1],[68,2,70,2],[68,3,70,3],[68,4,70,4],[68,5,70,5],[68,6,68,8],[69,6,70,6],[69,7,70,7],[76,0,76,6],[78,0,78,8],[79,0,79,8],[80,0,80,3],[80,5,80,8],[81,0,83,0],[81,1,83,1],[81,2,83,2],[81,3,83,3],[81,4,83,4],[81,5,83,5],[81,6,81,8],[82,6,83,6],[82,7,83,7],[89,0,89,6],[91,0,91,8],[92,0,92,8],[93,0,93,3],[93,5,93,8],[94,0,96,0],[94,1,96,1],[94,2,96,2],[94,3,96,3],[94,4,96,4],[94,5,96,5],[94,6,94,8],[95,6,96,6],[95,7,96,7],[102,0,102,6],[104,0,104,8],[105,0,105,8],[106,0,106,3],[106,5,106,8],[107,0,109,0],[107,1,109,1],[107,2,109,2],[107,3,109,3],[107,4,109,4],[107,5,109,5],[107,6,107,8],[108,6,109,6],[108,7,109,7],[114,0,114,6],[116,0,116,8],[117,0,117,8],[118,0,118,3],[118,5,118,8],[119,0,121,0],[119,1,121,1],[119,2,121,2],[119,3,121,3],[119,4,121,4],[119,5,121,5],[119,6,119,8],[120,6,121,6],[120,7,121,7],[124,2,124,3],[125,2,125,3],[128,2,128,3],[143,0,143,6],[144,0,144,6],[146,0,146,8]],"flags":["formulas_cached_only"]}
["分部分项工程和单价措施项目清单与计价表"]
["工程名称：紫琅新天地商管、物管办公区域装修工程-装饰",{"$nulls":3},"标段：","第1页 共10页"]
["序号","项目编码","项目名称","项目特征描述","计量\n单位","工程量","金额（元）"]
[{"$nulls":6},"综合单价","合价","其中"]
[{"$nulls":8},"暂估价"]
[null,null,"办公室",null,null,"",0,0,0]
["1","010402001001","砌块墙","1、砌块品种、规格、强度等级:蒸压加气混凝土砖\n2、墙体类型:200mm厚内墙\n3、砂浆强度等级:M5混合砂浆\n4、预拌砂浆\n5、具体做法以施工图为准","m3","63",608.61,38342.43,0]
["2","010402001002","砌块墙","1、砌块品种、规格、强度等级:蒸压加气混凝土砖\n2、墙体类型:100mm厚内墙\n3、砂浆强度等级:M5混合砂浆\n4、预拌砂浆\n5、具体做法以施工图为准","m3","11.74",655.54,7696.04,0]
["3","010502002001","构造柱","1、混凝土强度等级:C25商品砼\n2、含模板","m3","2.99",2459.85,7354.95,0]
["4","011201001001","墙面一般抹灰","1、墙体类型:砌块墙面\n2、面层厚度、砂浆配合比:20mm厚1：3水泥砂浆粉刷\n3、具体做法以施工图为准","m2","883.93",43.03,38035.51,0]
["5","011102003001","块料楼地面（有防水层）","1、结合层厚度、砂浆配合比:20mm厚1:3干硬性水泥砂浆，表面撒水泥粉\n2、面层材料品种、规格、颜色:800*800*10mm(CR-01)地砖\n3、嵌缝材料种类:同色水泥擦缝\n4、具体做法以施工图为准","m2","8",163.11,1304.88,0]
["本页小计",{"$nulls":6},92733.81,0]
[]
["【清单大师计价软件江苏版V9.45】"]
["分部分项工程和单价措施项目清单与计价表"]
["工程名称：紫琅新天地商管、物管办公区域装修工程-装饰",{"$nulls":3},"标段：","第2页 共10页"]
["序号","项目编码","项目名称","项目特征描述","计量\n单位","工程量","金额（元）"]
[{"$nulls":6},"综合单价","合价","其中"]
[{"$nulls":8},"暂估价"]
["6","011102003002","块料楼地面","1、结合层厚度、砂浆配合比:35mm厚1:3干硬性水泥砂浆\n2、面层材料品种、规格、颜色:800*800*10mm(CR-01)地砖，5厚1:1水泥砂浆粘贴层；\n3、嵌缝材料种类:同色水泥擦缝\n4、具体做法以施工图为准","m2","232.86",171.29,39886.59,0]
["7","010904002001","楼（地）面涂膜防水","1、防水膜品种:1.5mm聚氨酯防水层\n2、反边高度:300mm\n3、1:3干硬性水泥砂浆结合层找坡,最薄处20厚,i=0.5%(图中注明则按图施工)坡向地漏。","m2","11.4",70.03,798.34,0]
["8","011105006001","金属踢脚线","1、踢脚线高度:30mm高\n2、面层材料品种、规格、颜色:1.2mm厚MT-01成品不锈钢金属踢脚线，卡扣安装\n3、详见施工图及节点图","m","198.46",22.17,4399.86,0]
["9","011302001001","吊顶天棚","1、吊顶形式、吊杆规格、高度:造型吊顶，Φ8全丝吊杆，高度综合考虑；\n2、龙骨材料种类、规格、中距:60系轻钢龙骨;\n3、面层材料品种、规格:9.5mm双层石膏板，纸胶带贴缝，钉眼处理；\n4、油漆品种、刷漆遍数:满批腻子二遍，白色乳胶漆两遍；\n5、具体详见施工图及节点大样图","m2","18.31",228.05,{"v":4175.6,"d":"4175.60"},0]
["本页小计",{"$nulls":6},49260.39,0]
[]
["【清单大师计价软件江苏版V9.45】"]
["分部分项工程和单价措施项目清单与计价表"]
["工程名称：紫琅新天地商管、物管办公区域装修工程-装饰",{"$nulls":3},"标段：","第3页 共10页"]
["序号","项目编码","项目名称","项目特征描述","计量\n单位","工程量","金额（元）"]
[{"$nulls":6},"综合单价","合价","其中"]
[{"$nulls":8},"暂估价"]
["10","011302001002","吊顶天棚","1、吊顶形式、吊杆规格、高度:平吊顶，Φ8全丝吊杆，高度综合考虑；\n2、龙骨材料种类、规格、中距:60系轻钢龙骨;\n3、面层材料品种、规格:双层9.5mm石膏板，纸胶带贴缝，钉眼处理；\n4、油漆品种、刷漆遍数:满批腻子二遍，白色乳胶漆两遍；\n5、具体详见施工图及节点大样图","m2","19.2",208.74,4007.81,0]
["11","011407002001","天棚喷刷涂料","天棚喷刷涂料\n1、基层类型:混凝土面\n2、喷刷涂料部位:天棚面、梁面，管道等\n3、涂料品种、喷刷遍数:白色乳胶漆3遍","m2","253.26",24.25,6141.56,0]
["12","011304001001","灯槽（150+250+70mm）","1、基层材料品种、规格：基层板阻燃处理 \n2、面层材料品种、规格：9.5mm纸面石膏板；\n3、油漆品种、刷漆遍数：批腻子两遍，刷乳胶漆两遍；\n4、嵌缝材料种类：板面钉眼封点防锈漆，板缝贴自粘胶带","m","12.42",87.19,{"v":1082.9,"d":"1082.90"},0]
["13","011304002001","送风口、回风口","1、开灯孔、喷淋孔、烟感孔等\n2、具体详见施工图及节点大样图","个","15",4.67,70.05,0]
["14","011304002002","送风口、回风口","1、格式孔、空调风口等\n2、具体详见施工图及节点大样图","个","7",20.09,140.63,0]
["本页小计",{"$nulls":6},11442.95,0]
[]
["【清单大师计价软件江苏版V9.45】"]
["分部分项工程和单价措施项目清单与计价表"]
["工程名称：紫琅新天地商管、物管办公区域装修工程-装饰",{"$nulls":3},"标段：","第4页 共10页"]
["序号","项目编码","项目名称","项目特征描述","计量\n单位","工程量","金额（元）"]
[{"$nulls":6},"综合单价","合价","其中"]
[{"$nulls":8},"暂估价"]
["15","011210003001","玻璃隔断","1、边框材料种类、规格:30mm宽MT-01黑色金属边框\n2、品种、规格、颜色:GL-01玻璃（10mm厚钢化玻璃）\n3、含玻璃门及其配套五金.\n4、具体详见施工图及节点大样图","m2","46.2",504.61,23312.98,0]
["16","011406001001","抹灰面油漆","1、基层类型:抹灰面\n2、油漆品种、刷漆遍数:批腻子二遍，刷乳胶漆三遍；\n3、具体详见施工图及节点大样图","m2","599.82",37.71,22619.21,0]
["17","011204003001","块料墙面","1、墙体类型:抹灰面\n2、安装方式:5mm厚1:2水泥砂浆粘贴层\n3、面层材料品种、规格、颜色:800*300mmCR-02墙砖\n4、缝宽、嵌缝材料种类:同色水泥擦缝\n5、具体详见施工图及节点大样图","m2","9.24",186.44,1722.71,0]
["18","010801002001","木质单开门带套","1、门代号及洞口尺寸:M-01  0.9*2.4M\n2、门框、扇材质:WD-01成品木纹门带套，及门套基层\n3、配套五金件\n4、具体详见施工图及节点大样图","樘","3",1521.46,4564.38,0]
["本页小计",{"$nulls":6},52219.28,0]
[]
["【清单大师计价软件江苏版V9.45】"]
["分部分项工程和单价措施项目清单与计价表"]
["工程名称：紫琅新天地商管、物管办公区域装修工程-装饰",{"$nulls":3},"标段：","第5页 共10页"]
["序号","项目编码","项目名称","项目特征描述","计量\n单位","工程量","金额（元）"]
[{"$nulls":6},"综合单价","合价","其中"]
[{"$nulls":8},"暂估价"]
["19","011501009001","茶水柜","1、台柜规格:2500*850*600mm\n2、材料种类、规格:，ST-01白色石材台面+50mm高挡水条；\n3、WD-01成品木纹饰面柜体\n4、五金种类、规格:配套五金件","m","2.5",1303.44,{"v":3258.6,"d":"3258.60"},0]
["20","011501010001","成品吊柜","1、台柜规格:2500*750*350mm\n2、材料种类、规格:WD-01成品木纹饰面柜体;\n3、五金种类、规格:配套五金件","m","1",{"v":600,"d":"600.00"},{"v":600,"d":"600.00"},0]
[null,null,"分部小计",null,null,"",0,209515.03,0]
[null,null,"客服中心",null,null,"",0,0,0]
["21","010402001003","砌块墙","1、砌块品种、规格、强度等级:蒸压加气混凝土砖\n2、墙体类型:200mm厚以上内墙\n3、砂浆强度等级:M5混合砂浆\n4、预拌砂浆\n5、具体做法以施工图为准","m3","3.26",602.99,1965.75,0]
["22","010402001004","砌块墙","1、砌块品种、规格、强度等级:蒸压加气混凝土砖\n2、墙体类型:200mm厚内墙\n3、砂浆强度等级:M5混合砂浆\n4、预拌砂浆\n5、具体做法以施工图为准","m3","0.9",608.61,547.75,0]
["23","010402001005","砌块墙","1、砌块品种、规格、强度等级:蒸压加气混凝土砖\n2、墙体类型:100mm厚内墙\n3、砂浆强度等级:M5混合砂浆\n4、预拌砂浆\n5、具体做法以施工图为准","m3","2.41",655.54,1579.85,0]
["本页小计",{"$nulls":6},7951.95,0]
[]
["【清单大师计价软件江苏版V9.45】"]
["分部分项工程和单价措施项目清单与计价表"]
["工程名称：紫琅新天地商管、物管办公区域装修工程-装饰",{"$nulls":3},"标段：","第6页 共10页"]
["序号","项目编码","项目名称","项目特征描述","计量\n单位","工程量","金额（元）"]
[{"$nulls":6},"综合单价","合价","其中"]
[{"$nulls":8},"暂估价"]
["24","010502002002","构造柱","1、混凝土强度等级:C25商品砼\n2、含模板","m3","0.14",2459.85,344.38,0]
["25","011201001002","墙面一般抹灰","1、墙体类型:砌块墙面\n2、面层厚度、砂浆配合比:20mm厚1：3水泥砂浆粉刷\n3、具体做法以施工图为准","m2","79.82",43.03,3434.65,0]
["26","011102003003","块料楼地面","1、结合层厚度、砂浆配合比:35mm厚1:3干硬性水泥砂浆\n2、面层材料品种、规格、颜色:800*800*10mm(CR-01)地砖，5厚1:1水泥砂浆粘贴层；\n3、嵌缝材料种类:同色水泥擦缝\n4、具体做法以施工图为准","m2","41.82",171.29,7163.35,0]
["27","011101003001","细石混凝土楼地面","1、找平层厚度、砂浆配合比:C20细石砼找平\n2、面层厚度、混凝土强度等级:50mm厚","m2","0.67",47.02,{"v":31.5,"d":"31.50"},0]
["28","011105006002","金属踢脚线","1、踢脚线高度:30mm高\n2、面层材料品种、规格、颜色:1.2mm厚MT-01成品不锈钢金属踢脚线，成品卡扣\n3、详见施工图及节点图","m","51.61",22.17,1144.19,0]
["本页小计",{"$nulls":6},12118.07,0]
[]
["【清单大师计价软件江苏版V9.45】"]
["分部分项工程和单价措施项目清单与计价表"]
["工程名称：紫琅新天地商管、物管办公区域装修工程-装饰",{"$nulls":3},"标段：","第7页 共10页"]
["序号","项目编码","项目名称","项目特征描述","计量\n单位","工程量","金额（元）"]
[{"$nulls":6},"综合单价","合价","其中"]
[{"$nulls":8},"暂估价"]
["29","011302001003","吊顶天棚","1、吊顶形式、吊杆规格、高度:造型吊顶，Φ8全丝吊杆，高度综合考虑；\n2、龙骨材料种类、规格、中距:60系轻钢龙骨;\n3、面层材料品种、规格:9.5mm双层石膏板，纸胶带贴缝，钉眼处理；局部WD-01木纹饰面\n4、油漆品种、刷漆遍数:满批腻子二遍，白色乳胶漆两遍；\n5、具体详见施工图及节点大样图","m2","41.66",228.77,9530.56,0]
["30","011304001002","灯槽（150+250+70mm）","1、基层材料品种、规格：基层板阻燃处理 \n2、面层材料品种、规格：9.5mm纸面石膏板；\n3、油漆品种、刷漆遍数：批腻子两遍，刷乳胶漆两遍；\n4、嵌缝材料种类：板面钉眼封点防锈漆，板缝贴自粘胶带","m","30.4",87.19,2650.58,0]
["31","011304002003","送风口、回风口","1、开灯孔、喷淋孔、烟感孔等\n2、具体详见施工图及节点大样图","个","14",4.67,65.38,0]
["32","011304002004","送风口、回风口","1、格式孔、空调风口等\n2、具体详见施工图及节点大样图","个","7",20.09,140.63,0]
["33","011406001002","抹灰面油漆","1、基层类型:抹灰面\n2、油漆品种、刷漆遍数:批腻子二遍，刷乳胶漆三遍；\n3、具体详见施工图及节点大样图","m2","27.33",37.71,1030.61,0]
["本页小计",{"$nulls":6},13417.76,0]
[]
["【清单大师计价软件江苏版V9.45】"]
["分部分项工程和单价措施项目清单与计价表"]
["工程名称：紫琅新天地商管、物管办公区域装修工程-装饰",{"$nulls":3},"标段：","第8页 共10页"]
["序号","项目编码","项目名称","项目特征描述","计量\n单位","工程量","金额（元）"]
[{"$nulls":6},"综合单价","合价","其中"]
[{"$nulls":8},"暂估价"]
["34","011408002001","织锦缎裱糊","1、墙面基层刷清油、批腻子；\n2、WP-01墙布\n3、具体详见施工图及节点大样图","m2","25.71",124.05,3189.33,0]
["35","011408002002","织锦缎裱糊","1、墙面基层刷清油、批腻子；\n2、WP-02墙布\n3、具体详见施工图及节点大样图","m2","10.35",124.05,1283.92,0]
["36","011207001001","墙面装饰板","1、龙骨材料种类、规格、中距:附墙卡式龙骨\n2、基层材料种类、规格:9mm细木工板基层，防火处理；\n3、面层材料品种、规格、颜色:WD-01木纹饰面（4mm厚）+MT-01金属饰面（1.2mm厚）\n4、具体详见施工图及节点大样图","m2","138.6",332.02,46017.97,0]
["37","011207001002","墙面装饰板","1、龙骨材料种类、规格、中距:镀锌钢骨架；\n2、基层材料种类、规格:双层9mm细木工板基层，防火处理；\n3、面层材料品种、规格、颜色:WD-01同色木纹格栅；\n4、具体详见施工图及节点大样图","m2","7.36",681.34,5014.66,0]
["38","010801002002","木质单开门带套","1、门代号及洞口尺寸:M-01  0.8*2M\n2、门框、扇材质:WD-01成品木纹门带套，及门套基层\n3、配套五金件\n4、具体详见施工图及节点大样图","樘","1",1213.79,1213.79,0]
["本页小计",{"$nulls":6},56719.67,0]
[]
["【清单大师计价软件江苏版V9.45】"]
["分部分项工程和单价措施项目清单与计价表"]
["工程名称：紫琅新天地商管、物管办公区域装修工程-装饰",{"$nulls":3},"标段：","第9页 共10页"]
["序号","项目编码","项目名称","项目特征描述","计量\n单位","工程量","金额（元）"]
[{"$nulls":6},"综合单价","合价","其中"]
[{"$nulls":8},"暂估价"]
["39","010801001001","木质暗门","1、30*30*3镀锌方管\n2、12mm阻燃板基层\n3、面层另计\n4、成品门吸,顶部固定，成品暗门铰链、天地轴承等配件，含安装等\n5、尺寸1.05*2.6m\n6、具体做法以施工图为准","m2","2.73",{"v":300,"d":"300.00"},{"v":819,"d":"819.00"},0]
["40","010801001002","消防栓暗门","1、30*30*3镀锌方管\n2、12mm阻燃板基层\n3、面层另计\n4、成品门吸,顶部固定，成品暗门铰链、天地轴承等配件，含安装等\n5、尺寸0.7*1.8m\n6、具体做法以施工图为准","m2","2.52",{"v":300,"d":"300.00"},{"v":756,"d":"756.00"},0]
["41","011501009002","茶水柜-地柜及吊柜","1、台柜规格:1520*850*600mm\n2、材料种类、规格:，ST-01白色石材台面；\n3、WD-01成品木纹饰面柜体+MT-01金属吊柜+GL-01超白玻璃\n4、五金种类、规格:配套五金件","m","1.58",1855.19,{"v":2931.2,"d":"2931.20"},0]
["42","011501008001","展示柜","1、台柜规格:600*350*1600mm\n2、材料种类、规格:WD-01木纹饰面+MT-01金属\n3、暗藏灯带","m2","0.96",{"v":700,"d":"700.00"},{"v":672,"d":"672.00"},0]
["本页小计",{"$nulls":6},{"v":5178.2,"d":"5178.20"},0]
[]
["【清单大师计价软件江苏版V9.45】"]
["分部分项工程和单价措施项目清单与计价表"]
["工程名称：紫琅新天地商管、物管办公区域装修工程-装饰",{"$nulls":3},"标段：","第10页 共10页"]
["序号","项目编码","项目名称","项目特征描述","计量\n单位","工程量","金额（元）"]
[{"$nulls":6},"综合单价","合价","其中"]
[{"$nulls":8},"暂估价"]
["43","011501020001","服务台","1、台柜规格:2800*1050*600mm\n2、材料种类、规格:镀锌钢骨架，ST-01白色石材+MT-01金属+PT-02同色烤色漆门板；\n3、五金种类、规格:配套五金件\n4、具体详见施工图及节点大样图","m","2.8",{"v":3000,"d":"3000.00"},{"v":8400,"d":"8400.00"},0]
["44","010810001001","窗帘","1、成品遮光帘及配套轨道\n2、清单量为窗帘轨长度","m","1.6",125.36,200.58,0]
[null,null,"分部小计",null,null,"",0,100127.63,0]
[null,null,"分部分项工程清单合计",null,null,"",0,309642.66,0]
["1","011701003001","里脚手架","1、装饰所需所有脚手架\n2、投标人根据现场实际情况自行考虑，结算时不做调整","项","1",6165.71,6165.71,0]
["2","011703001001","垂直运输","1、垂直运输费\n2、投标人自行勘察现场，结算不再调整","项","1",4354.53,4354.53,0]
[null,null,"单价措施项目清单合计",null,null,"",0,10520.24,0]
{"$rows_empty":14}
["本页小计",{"$nulls":6},19120.82,0]
["合    计",{"$nulls":6},{"v":320162.9,"d":"320162.90"},0]
[]
["【清单大师计价软件江苏版V9.45】"]

{"sheet":"2.3 表-11 总价措施项目清单与计价表","index":3,"n_rows":71,"n_cols":9,"rows_kept":71,"merged":[[0,0,0,8],[1,0,1,4],[1,6,1,8],[15,0,15,8],[16,0,16,8],[17,0,17,4],[17,6,17,8],[26,0,26,8],[27,0,27,8],[28,0,28,4],[28,6,28,8],[32,0,32,8],[33,0,33,8],[34,0,34,4],[34,6,34,8],[68,0,68,4],[70,0,70,8]],"flags":["formulas_cached_only"]}
["总价措施项目清单与计价表"]
["工程名称：紫琅新天地商管、物管办公区域装修工程-装饰",{"$nulls":4},"标段：","第1页 共4页"]
["序号","项目编码","项目名称","计算基础","费率（%）","金额（元）","调整\n费率（%）","调整后\n金额（元）","备注"]
["1","011707001001","现场安全文明施工",null,0,6147.13]
["1.1",null,"基本费","分部分项工程费+单价措施项目费-除税工程设备费",{"v":1.7,"d":"1.700"},5442.77]
["1.2",null,"标化增加费","分部分项工程费+单价措施项目费-除税工程设备费",0,0]
["1.3",null,"扬尘污染防治增加费","分部分项工程费+单价措施项目费-除税工程设备费",{"v":0.22,"d":"0.220"},704.36]
["2","011707010001","工程按质论价","分部分项工程费+单价措施项目费-除税工程设备费",0,0]
["3","011707002001","夜间施工","分部分项工程费+单价措施项目费-除税工程设备费",0,0]
["4","011707004001","二次搬运","分部分项工程费+单价措施项目费-除税工程设备费",0,0]
["5","011707005001","冬雨季施工","分部分项工程费+单价措施项目费-除税工程设备费",0,0]
["6","011707006001","地上、地下设施、建筑物的临时保护设施","分部分项工程费+单价措施项目费-除税工程设备费",0,0]
["7","011707007001","已完工程及设备保护费","分部分项工程费+单价措施项目费-除税工程设备费",0,0]
["8","011707008001","临时设施费","分部分项工程费+单价措施项目费-除税工程设备费",{"v":0.8,"d":"0.800"},{"v":2561.3,"d":"2561.30"}]
[]
["【清单大师计价软件江苏版V9.45】"]
["总价措施项目清单与计价表"]
["工程名称：紫琅新天地商管、物管办公区域装修工程-装饰",{"$nulls":4},"标段：","第2页 共4页"]
["序号","项目编码","项目名称","计算基础","费率（%）","金额（元）","调整\n费率（%）","调整后\n金额（元）","备注"]
["9","011707009001","赶工措施费","分部分项工程费+单价措施项目费-除税工程设备费",0,0]
["10","01B001","特殊条件下施工增加费","分部分项工程费+单价措施项目费-除税工程设备费",0,0]
["11","011707003001","非夜间施工照明","分部分项工程费+单价措施项目费-除税工程设备费",0,0]
["12","011707011001","住宅工程分户验收","分部分项工程费+单价措施项目费-除税工程设备费",0,0]
["13","011707012001","建筑工人实名制费用","分部分项工程费+单价措施项目费-除税工程设备费",{"v":0.03,"d":"0.030"},96.05]
["14","011707015001","智慧工地费用","分部分项工程费+单价措施项目费-除税工程设备费",0,0,null,null,"现场安全隐患排查、人员信息动态管理、扬尘管控视频监控、高处作业防护预警、危大工程监测预警和集成平台等设备、软件和管理费用。"]
[]
["【清单大师计价软件江苏版V9.45】"]
["总价措施项目清单与计价表"]
["工程名称：紫琅新天地商管、物管办公区域装修工程-装饰",{"$nulls":4},"标段：","第3页 共4页"]
["序号","项目编码","项目名称","计算基础","费率（%）","金额（元）","调整\n费率（%）","调整后\n金额（元）","备注"]
["15","011707016001","新冠疫情常态化防控","分部分项工程费+单价措施项目费-除税工程设备费",{"v":0.3,"d":"0.300"},960.49,null,null,"1. 防控物资费：口罩、酒精、测温枪、红外体温探测仪、防护服、护目镜、手套、消毒喷壶、电动喷雾器、水银温度计、防疫标语、宣传牌、废弃防疫物资专用回收箱（垃圾桶）等。2.防控人员费：因疫情防控增加的专职消杀人员及现场管理人员的工资。3.防控增加的临时设施费：主要为现场设置的隔离棚、隔离围栏、隔离用集装箱、扩建的工人宿舍等。4."]
[]
["【清单大师计价软件江苏版V9.45】"]
["总价措施项目清单与计价表"]
["工程名称：紫琅新天地商管、物管办公区域装修工程-装饰",{"$nulls":4},"标段：","第4页 共4页"]
["序号","项目编码","项目名称","计算基础","费率（%）","金额（元）","调整\n费率（%）","调整后\n金额（元）","备注"]
[{"$nulls":4},{"v":0.3,"d":"0.300"},960.49,null,null,"重点人群常态化核酸自费检测费用、交通和时间占用。"]
{"$rows_empty":31}
["合   计",{"$nulls":4},9764.97]
[]
["【清单大师计价软件江苏版V9.45】"]

{"sheet":"2.4 表-12 其他项目清单与计价汇总表","index":4,"n_rows":45,"n_cols":5,"rows_kept":45,"merged":[[0,0,0,4],[1,0,1,2],[42,0,42,1],[44,0,44,4]],"flags":["formulas_cached_only"]}
["其他项目清单与计价汇总表"]
["工程名称：紫琅新天地商管、物管办公区域装修工程-装饰",null,null,"标段：","第1页 共1页"]
["序号","项目名称","金额(元)","结算金额(元)","备注"]
["1","暂列金额",{"v":50000,"d":"50000.00"}]
["2","暂估价",0]
["2.1","材料暂估价",0]
["2.2","专业工程暂估价",0]
["3","计日工",0]
["4","总承包服务费",0]
{"$rows_empty":33}
["合  计",null,{"v":50000,"d":"50000.00"}]
[]
["【清单大师计价软件江苏版V9.45】"]

{"sheet":"2.5 表-12-1 暂列金额明细表","index":5,"n_rows":45,"n_cols":5,"rows_kept":45,"merged":[[0,0,0,4],[1,0,1,2],[42,0,42,2],[44,0,44,4]],"flags":["formulas_cached_only"]}
["暂列金额明细表"]
["工程名称：紫琅新天地商管、物管办公区域装修工程-装饰",null,null,"标段：","第1页 共1页"]
["序号","项目名称","计量单位","暂定金额(元)","备注"]
["1","暂列金",null,{"v":50000,"d":"50000.00"}]
{"$rows_empty":38}
["合  计",null,null,{"v":50000,"d":"50000.00"}]
[]
["【清单大师计价软件江苏版V9.45】"]

{"sheet":"2.6 表-13 规费、税金项目计价表","index":6,"n_rows":41,"n_cols":6,"rows_kept":41,"merged":[[0,0,0,5],[1,0,1,2],[1,4,1,5],[38,0,38,4],[40,0,40,5]],"flags":["formulas_cached_only"]}
["规费、税金项目计价表"]
["工程名称：紫琅新天地商管、物管办公区域装修工程-装饰",null,null,"标段：","第1页 共1页"]
["序号","项目名称","计算基础","计算基数(元)","计算费率(％)","金额(元)"]
["1","规费",null,10713.97,0,10713.97]
["1.1","社会保险费","分部分项工程费+措施项目费+其他项目费-除税工程设备费",379927.87,{"v":2.4,"d":"2.400"},9118.27]
["1.2","住房公积金","分部分项工程费+措施项目费+其他项目费-除税工程设备费",379927.87,{"v":0.42,"d":"0.420"},{"v":1595.7,"d":"1595.70"}]
["1.3","环境保护税","分部分项工程费+措施项目费+其他项目费-除税工程设备费",379927.87,0,0]
["2","税金","分部分项工程费+措施项目费+其他项目费+规费-除税甲供材料和甲供设备费/1.01",390641.84,{"v":9,"d":"9.000"},35157.77]
{"$rows_empty":30}
["合  计",{"$nulls":4},45871.74]
[]
["【清单大师计价软件江苏版V9.45】"]

{"sheet":"2.7 承包人供应材料一览表（2008清单规范）","index":7,"n_rows":165,"n_cols":11,"rows_kept":165,"merged":[[0,0,0,10],[1,0,1,5],[1,7,1,10],[40,0,40,10],[41,0,41,10],[42,0,42,5],[42,7,42,10],[81,0,81,10],[82,0,82,10],[83,0,83,5],[83,7,83,10],[120,0,120,10],[121,0,121,10],[122,0,122,5],[122,7,122,10],[162,0,162,6],[164,0,164,10]],"flags":["formulas_cached_only"]}
["承包人供应材料一览表"]
["工程名称：紫琅新天地商管、物管办公区域装修工程-装饰",{"$nulls":5},"标段：","第1页 共4页"]
["序号","材料编码","材料名称","规格、型号\n等特殊要求","单位","数量","单价\n(元)","合价\n(元)","供应商\n(品牌)","产地","备注"]
["1","01270100","镀锌钢材",null,"t",0.116,{"v":5185.8,"d":"5185.80"},598.96]
["2","01270101","镀锌钢材",null,"kg",44.906,5.19,233.06]
["3","01291714","不锈钢饰面MT-01",null,"m2",1.663,248.44,413.06]
["4","02070261","橡皮垫圈",null,"百个",3.465,25.73,89.15]
["5","02090101","塑料薄膜",null,"m2",{"v":0.72,"d":"0.720"},0.81,0.58]
["6","02270105","白布",null,"m2",0.307,5.55,{"v":1.7,"d":"1.70"}]
["7","02310101","无纺布",null,"m2",2.095,0.77,1.61]
["8","03010322","铝拉铆钉","LD-1","十个",24.948,0.26,6.49]
["9","03030405","铜木螺钉","3.5×25","十个",{"v":11.2,"d":"11.200"},0.66,7.39]
["10","03031201","自攻螺钉",null,"十个",4.963,0.57,2.83]
["11","03031206","自攻螺钉","M4×15","十个",690.076,0.25,172.52]
["12","03031210","自攻螺钉","M4×50","十个",{"v":16.56,"d":"16.560"},0.26,4.31]
["13","03031222","自攻螺钉","M5×25～30","十个",4.858,0.54,2.62]
["14","03070114","膨胀螺栓","M8×80","套",{"v":346.5,"d":"346.500"},0.51,176.72]
["15","03070123","膨胀螺栓","M10×110","套",{"v":14,"d":"14.000"},1.74,24.36]
["16","03070132","膨胀螺栓","M12×110","套",{"v":19.58,"d":"19.580"},0.86,16.84]
["17","03070821","胀头、胀管",null,"套",104.979,0.45,47.24]
["18","03110141","镀锌丝杆",null,"kg",19.582,5.71,111.81]
["19","03290200","地弹簧",null,"个",{"v":7.07,"d":"7.070"},221.82,1568.27]
["20","03410205","电焊条","J422","kg",2.244,4.97,11.15]
["21","03510701","铁钉",null,"kg",8.936,7.46,66.66]
["22","03510705","铁钉","70mm","kg",3.125,7.46,23.31]
["23","03512000","射钉",null,"百个",2.079,18.01,37.44]
["24","03570237","镀锌铁丝","22#","kg",0.104,6.62,0.69]
["25","03652403","合金钢切割锯片",null,"片",0.707,{"v":68.6,"d":"68.60"},48.48]
["26","04010611","水泥","32.5级","kg",{"v":13664.38,"d":"13664.380"},0.35,4782.53]
["27","04010701","白水泥",null,"kg",385.764,0.79,304.75]
["28","04030107","中砂",null,"t",{"v":50.18,"d":"50.180"},172.92,8677.12]
["29","04050203","碎石","5～16mm","t",0.041,160.29,6.63]
["30","04090602","滑石粉",null,"kg",15.362,0.53,8.14]
["31","04090801","石膏粉","325目","kg",42.025,{"v":0.4,"d":"0.40"},16.81]
["32","04135500","标准砖","240×115×53","百块",{"v":1.63,"d":"1.630"},76.47,124.65]
["33","04135535","配砖","190×90×40","m3",3.981,360.23,1433.91]
["34","04150111","蒸压加气混凝土砌块","600×240×200","m3",2.807,329.02,923.51]
["35","04150113","蒸压加气混凝土砌块","600×250×100","m3",12.947,329.02,{"v":4259.9,"d":"4259.90"}]
["36","04150115","蒸压加气混凝土砌块","600×250×200","m3",58.469,329.02,19237.31]
[]
["【清单大师计价软件江苏版V9.45】"]
["承包人供应材料一览表"]
["工程名称：紫琅新天地商管、物管办公区域装修工程-装饰",{"$nulls":5},"标段：","第2页 共4页"]
["序号","材料编码","材料名称","规格、型号\n等特殊要求","单位","数量","单价\n(元)","合价\n(元)","供应商\n(品牌)","产地","备注"]
["37","05030600","普通木成材",null,"m3",0.094,2928.06,274.98]
["38","05070715","WD-01木纹饰面板",null,"m2",{"v":155.97,"d":"155.970"},106.47,16606.07]
["39","05092103","阻燃板","δ18mm","m2",3.985,{"v":48.8,"d":"48.80"},194.46]
["40","05092103","细木工板","δ9mm","m2",160.986,21.29,3427.39]
["41","05092103","细木工板","δ18mm","m2",{"v":5.04,"d":"5.040"},31.94,160.98]
["42","05150223","WD-01木纹格栅饰面",null,"m2",7.434,212.95,1582.99]
["43","05250502","锯(木)屑",null,"m3",1.696,24.39,41.37]
["44","06612147","墙面砖","300×800","m2",9.471,79.86,756.35]
["45","06650101","800*800地砖",null,"m2",288.334,79.86,23026.32]
["46","07112130","ST-01白色石材台面",null,"m2",{"v":3.3,"d":"3.300"},212.95,702.74]
["47","08010200","9.5mm纸面石膏板",null,"m2",100.881,12.32,1242.85]
["48","08010211","纸面石膏板","1200×3000×9.5","m2",{"v":21.12,"d":"21.120"},12.32,{"v":260.2,"d":"260.20"}]
["49","08010211","9.5mm纸面石膏板",null,"m2",66.883,12.32,823.99]
["50","08230105","无纺布",null,"m2",-2.095,1.28,-2.68]
["51","08310122","轻钢龙骨(中)","50×20×0.5","m",{"v":17,"d":"17.000"},3.78,64.26]
["52","08310122","60系列吊顶轻钢龙骨",null,"m2",20.352,39.93,812.66]
["53","08310131","15mm阻燃板",null,"m2",20.389,42.59,868.37]
["54","08310131","60系列轻钢龙骨",null,"m2",63.568,39.93,2538.28]
["55","08310142","U型轻钢龙骨","50×20","m",523.354,9.43,4935.22]
["56","08310151","卡式轻钢龙骨","25×20","m",247.817,7.72,1913.15]
["57","08310155","边龙骨","30×20","m",35.343,7.72,272.85]
["58","09410703","窗帘布(成品)",null,"m2",4.202,35.49,149.11]
["59","09470302","执手锁",null,"把",{"v":4.04,"d":"4.040"},159.71,645.23]
["60","09470302","玻璃门锁",null,"把",{"v":4.04,"d":"4.040"},133.09,537.68]
["61","09490504","铝合金窗帘轨","单轨","m",1.792,13.31,23.85]
["62","09491701","门吸",null,"只",{"v":4.04,"d":"4.040"},13.31,53.77]
["63","09492370","不锈钢合页",null,"只",{"v":12.12,"d":"12.120"},17.75,215.13]
["64","09492718","不锈钢管拉手","φ38×600","套",{"v":7.07,"d":"7.070"},221.82,1568.27]
["65","09493549","不锈钢曲夹",null,"副",{"v":7.07,"d":"7.070"},106.47,752.74]
["66","10130706","不锈钢踢脚线(成品)-1.2mm",null,"m2",7.877,248.44,1957.01]
["67","10330103","WP-01墙布",null,"m2",29.772,53.24,1585.07]
["68","10330103","WP-02墙布",null,"m2",11.985,53.24,{"v":638.1,"d":"638.10"}]
["69","11010304","内墙乳胶漆",null,"kg",{"v":323.16,"d":"323.160"},18.22,5887.98]
["70","11030303","防锈漆",null,"kg",0.512,12.86,6.58]
["71","11030304","红丹防锈漆",null,"kg",1.986,13.93,27.66]
["72","11030505","防火涂料","X-60(饰面)","kg",40.936,16.29,666.85]
[]
["【清单大师计价软件江苏版V9.45】"]
["承包人供应材料一览表"]
["工程名称：紫琅新天地商管、物管办公区域装修工程-装饰",{"$nulls":5},"标段：","第3页 共4页"]
["序号","材料编码","材料名称","规格、型号\n等特殊要求","单位","数量","单价\n(元)","合价\n(元)","供应商\n(品牌)","产地","备注"]
["73","11030734","聚氨酯甲料",null,"kg",11.748,16.46,193.37]
["74","11030735","聚氨酯乙料",null,"kg",18.203,16.46,299.62]
["75","11111715","酚醛清漆",null,"kg",{"v":1.01,"d":"1.010"},{"v":12.9,"d":"12.90"},13.02]
["76","11112503","内墙乳胶漆",null,"kg",84.842,18.22,1545.82]
["77","11430327","钛白粉",null,"kg",5.587,0.73,4.08]
["78","11430327","大白粉",null,"kg",56.126,0.73,40.97]
["79","11591102","玻璃胶",null,"L",1.046,{"v":34.3,"d":"34.30"},35.89]
["80","12030107","油漆溶剂油",null,"kg",4.138,12.01,{"v":49.7,"d":"49.70"}]
["81","12060334","防腐油",null,"kg",9.253,5.15,47.65]
["82","12310303","二甲苯",null,"kg",1.112,5.06,5.62]
["83","12370305","氧气",null,"m3",{"v":1.65,"d":"1.650"},2.83,4.67]
["84","12370336","乙炔气",null,"m3",{"v":0.33,"d":"0.330"},14.05,4.64]
["85","12410703","羧甲基纤维素",null,"kg",1.587,2.14,{"v":3.4,"d":"3.40"}]
["86","12413518","901胶",null,"kg",242.914,2.28,553.84]
["87","12413528","干挂云石胶(AB胶)",null,"kg",2.585,10.43,26.96]
["88","12413535","万能胶",null,"kg",64.311,17.15,1102.94]
["89","12413544","聚醋酸乙烯乳液",null,"kg",5.084,4.29,21.81]
["90","12430342","自粘胶带",null,"m",192.334,0.13,{"v":25,"d":"25.00"}]
["91","17310706","双螺母双垫片","φ8","副",104.979,0.51,53.54]
["92","31010707","密封油膏",null,"kg",{"v":1.32,"d":"1.320"},{"v":5.9,"d":"5.90"},7.79]
["93","31110301","棉纱头",null,"kg",2.919,5.62,16.41]
["94","31130106","其它材料费",null,"元",674.055,0.86,579.69]
["95","31132507","回库修理、保养费",null,"元",3.718,{"v":1,"d":"1.00"},3.72]
["96","31150101","水",null,"m3",32.696,{"v":5.1,"d":"5.10"},166.75]
["97","32010502","复合木模板","18mm","m2",7.643,43.48,332.34]
["98","32020115","卡具",null,"kg",1.459,{"v":7.7,"d":"7.70"},11.24]
["99","32020132","钢管支撑",null,"kg",3.544,5.76,20.41]
["100","32030105","工具式金属脚手",null,"kg",26.852,5.76,154.67]
["101","32090101","周转木材",null,"m3",0.285,2928.06,835.23]
["102","80010123","(水泥砂浆","比例 1:2)(干拌（混）砂浆)","t",{"v":0.17,"d":"0.170"},460.77,78.24]
["103","80050104","(M5混合砂浆)(干拌（混）砂浆)(砌筑","dm M5.0)","t",13.695,346.93,4751.08]
["104","80212116","(C25非泵送商品砼)",null,"m3",3.099,513.89,1592.39]
["105","D00001","玻璃隔断",null,"m2",{"v":46.2,"d":"46.200"},{"v":380,"d":"380.00"},{"v":17556,"d":"17556.00"}]
["106","D00003","成品门制门扇",null,"m2",{"v":8.08,"d":"8.080"},488.01,3943.12]
[]
["【清单大师计价软件江苏版V9.45】"]
["承包人供应材料一览表"]
["工程名称：紫琅新天地商管、物管办公区域装修工程-装饰",{"$nulls":5},"标段：","第4页 共4页"]
["序号","材料编码","材料名称","规格、型号\n等特殊要求","单位","数量","单价\n(元)","合价\n(元)","供应商\n(品牌)","产地","备注"]
["107","D00005","成品低柜",null,"m",{"v":4.08,"d":"4.080"},{"v":800,"d":"800.00"},{"v":3264,"d":"3264.00"}]
["108","D00006","成品吊柜",null,"m",{"v":1,"d":"1.000"},{"v":600,"d":"600.00"},{"v":600,"d":"600.00"}]
["109","D00007","暗门",null,"m2",{"v":5.25,"d":"5.250"},{"v":300,"d":"300.00"},{"v":1575,"d":"1575.00"}]
["110","D00008","金属吊柜",null,"m",{"v":1.58,"d":"1.580"},{"v":600,"d":"600.00"},{"v":948,"d":"948.00"}]
["111","D00009","展示柜",null,"m2",{"v":0.96,"d":"0.960"},{"v":700,"d":"700.00"},{"v":672,"d":"672.00"}]
["112","D00010","服务台",null,"m",{"v":2.8,"d":"2.800"},{"v":3000,"d":"3000.00"},{"v":8400,"d":"8400.00"}]
["113","S00001","水",null,"t",2.298,{"v":5.1,"d":"5.10"},11.72]
{"$rows_empty":31}
["合计",{"$nulls":6},168212.68]
[]
["【清单大师计价软件江苏版V9.45】"]

{"sheet":"3.1 表-04 单位工程招标控制价表","index":8,"n_rows":45,"n_cols":4,"rows_kept":45,"merged":[[0,0,0,3],[1,0,1,1],[42,0,42,1],[44,0,44,3]],"flags":["formulas_cached_only"]}
["单位工程招标控制价表"]
["工程名称：紫琅新天地商管、物管办公区域装修工程-办公室安装",null,"标段：","第1页 共1页"]
["序号","汇总内容","金额(元)","其中:暂估价(元)"]
["1","分部分项工程量清单计价合计",{"v":152074.5,"d":"152074.50"},0]
["1.1","人工费",22711.27,0]
["1.2","材料费",115815.77,0]
["1.3","施工机具使用费",1279.36,0]
["1.4","企业管理费",9090.82,0]
["1.5","利润",3177.32,0]
["2","措施项目清单计价合计",3926.85,0]
["2.1","单价措施项目费",{"v":1045.6,"d":"1045.60"},0]
["2.2","总价措施项目费",2881.25,0]
["2.2.1","  其中：安全文明施工措施费",1569.09,0]
["3","其他项目清单计价合计",0,0]
["3.1","  其中：暂列金额",0,0]
["3.2","  其中：专业工程暂估价",0,0]
["3.3","  其中：计日工",0,0]
["3.4","  其中：总承包服务费",0,0]
["4","规费",2668.87,0]
["5","税金",14280.32,0]
{"$rows_empty":22}
["招标控制价合计",null,172950.54,0]
[]
["【清单大师计价软件江苏版V9.45】"]

{"sheet":"3.2 表-08 分部分项工程和单价措施项目清单与计价表","index":9,"n_rows":203,"n_cols":9,"rows_kept":203,"merged":[[0,0,0,8],[1,0,1,3],[1,5,1,8],[2,0,4,0],[2,1,4,1],[2,2,4,2],[2,3,4,3],[2,4,4,4],[2,5,4,5],[2,6,2,8],[3,6,4,6],[3,7,4,7],[5,2,5,3],[16,0,16,6],[18,0,18,8],[19,0,19,8],[20,0,20,3],[20,5,20,8],[21,0,23,0],[21,1,23,1],[21,2,23,2],[21,3,23,3],[21,4,23,4],[21,5,23,5],[21,6,21,8],[22,6,23,6],[22,7,23,7],[37,0,37,6],[39,0,39,8],[40,0,40,8],[41,0,41,3],[41,5,41,8],[42,0,44,0],[42,1,44,1],[42,2,44,2],[42,3,44,3],[42,4,44,4],[42,5,44,5],[42,6,42,8],[43,6,44,6],[43,7,44,7],[52,2,52,3],[53,2,53,3],[55,0,55,6],[57,0,57,8],[58,0,58,8],[59,0,59,3],[59,5,59,8],[60,0,62,0],[60,1,62,1],[60,2,62,2],[60,3,62,3],[60,4,62,4],[60,5,62,5],[60,6,60,8],[61,6,62,6],[61,7,62,7],[68,2,68,3],[69,2,69,3],[75,2,75,3],[76,2,76,3],[77,0,77,6],[79,0,79,8],[80,0,80,8],[81,0,81,3],[81,5,81,8],[82,0,84,0],[82,1,84,1],[82,2,84,2],[82,3,84,3],[82,4,84,4],[82,5,84,5],[82,6,82,8],[83,6,84,6],[83,7,84,7],[89,2,89,3],[90,2,90,3],[96,0,96,6],[98,0,98,8],[99,0,99,8],[100,0,100,3],[100,5,100,8],[101,0,103,0],[101,1,103,1],[101,2,103,2],[101,3,103,3],[101,4,103,4],[101,5,103,5],[101,6,101,8],[102,6,103,6],[102,7,103,7],[106,2,106,3],[107,2,107,3],[110,2,110,3],[111,2,111,3],[113,0,113,6],[115,0,115,8],[116,0,116,8],[117,0,117,3],[117,5,117,8],[118,0,120,0],[118,1,120,1],[118,2,120,2],[118,3,120,3],[118,4,120,4],[118,5,120,5],[118,6,118,8],[119,6,120,6],[119,7,120,7],[125,0,125,6],[127,0,127,8],[128,0,128,8],[129,0,129,3],[129,5,129,8],[130,0,132,0],[130,1,132,1],[130,2,132,2],[130,3,132,3],[130,4,132,4],[130,5,132,5],[130,6,130,8],[131,6,132,6],[131,7,132,7],[140,0,140,6],[142,0,142,8],[143,0,143,8],[144,0,144,3],[144,5,144,8],[145,0,147,0],[145,1,147,1],[145,2,147,2],[145,3,147,3],[145,4,147,4],[145,5,147,5],[145,6,145,8],[146,6,147,6],[146,7,147,7],[158,0,158,6],[160,0,160,8],[161,0,161,8],[162,0,162,3],[162,5,162,8],[163,0,165,0],[163,1,165,1],[163,2,165,2],[163,3,165,3],[163,4,165,4],[163,5,165,5],[163,6,163,8],[164,6,165,6],[164,7,165,7],[169,2,169,3],[170,2,170,3],[172,2,172,3],[199,0,199,6],[200,0,200,6],[202,0,202,8]],"flags":["formulas_cached_only"]}
["分部分项工程和单价措施项目清单与计价表"]
["工程名称：紫琅新天地商管、物管办公区域装修工程-办公室安装",{"$nulls":3},"标段：","第1页 共10页"]
["序号","项目编码","项目名称","项目特征描述","计量\n单位","工程量","金额（元）"]
[{"$nulls":6},"综合单价","合价","其中"]
[{"$nulls":8},"暂估价"]
[null,null,"电气",null,null,"",0,0,0]
["1","030404017001","配电箱","1、名称:AL1\n2、规格:详系统图\n3、安装方式:嵌墙安装","台","1",1588.49,1588.49,0]
["2","030404017002","配电箱","1、名称:AL2\n2、规格:详系统图\n3、安装方式:嵌墙安装","台","1",1588.49,1588.49,0]
["3","030404017003","配电箱","1、名称:AL3\n2、规格:详系统图\n3、安装方式:嵌墙安装","台","1",1588.49,1588.49,0]
["4","030404017004","配电箱","1、名称:原土建配电箱8-2AL1改造\n2、规格:详系统图\n3、安装方式:嵌墙安装","台","1",443.64,443.64,0]
["5","030411001001","配管","1、名称:紧定式镀锌电线管\n2、规格:JDG20\n3、配置形式:砖、混凝土结构暗配","m","160.61",9.22,1480.82,0]
["6","030411001002","配管","1、名称:紧定式镀锌电线管\n2、规格:JDG20\n3、配置形式:吊棚内暗敷设","m","175.15",10.55,1847.83,0]
["7","030411001003","配管","1、名称:紧定式镀锌电线管\n2、规格:JDG25\n3、配置形式:砖、混凝土结构暗配","m","77.28",13.29,1027.05,0]
["8","030411001004","配管","1、名称:镀锌钢管\n2、规格:RC32\n3、配置形式:吊棚内暗敷设","m","73.97",42.34,3131.89,0]
["9","030411006001","接线盒","1、名称:接线盒\n2、材质:铁质\n3、规格:86型\n4、安装形式:暗装","个","99",8.75,866.25,0]
["10","030411006002","接线盒","1、名称:开关盒\n2、材质:铁质\n3、规格:86型\n4、安装形式:暗装","个","43",8.94,384.42,0]
["本页小计",{"$nulls":6},13947.37,0]
[]
["【清单大师计价软件江苏版V9.45】"]
["分部分项工程和单价措施项目清单与计价表"]
["工程名称：紫琅新天地商管、物管办公区域装修工程-办公室安装",{"$nulls":3},"标段：","第2页 共10页"]
["序号","项目编码","项目名称","项目特征描述","计量\n单位","工程量","金额（元）"]
[{"$nulls":6},"综合单价","合价","其中"]
[{"$nulls":8},"暂估价"]
["11","030408001001","电力电缆","1、名称:铜芯电力电缆\n2、规格:WDZ-YJVY-5*6\n3、敷设方式、部位:管道、桥架敷设","m","90.89",32.32,2937.56,0]
["12","030408006001","电力电缆头","1、名称:铜芯电缆头\n2、规格:5*6\n3、安装部位:户内","个","6",25.82,154.92,0]
["13","030411004001","配线","1、配线形式:管内穿线\n2、型号:WDZ-BYJ-2.5","m","976.93",3.76,3673.26,0]
["14","030411004002","配线","1、配线形式:管内穿线\n2、型号:WDZ-BYJ-4","m","242.34",4.47,1083.26,0]
["15","030404034001","照明开关","1、名称:单联单控","个","5",16.37,81.85,0]
["16","030404034002","照明开关","1、名称:双联单控","个","2",18.81,37.62,0]
["17","030404034003","照明开关","1、名称:三联单控","个","3",20.35,61.05,0]
["18","030404035001","插座","1、名称:三眼插座\n2、安装方式:暗装","个","1",16.72,16.72,0]
["19","030404035002","插座","1、名称:二、三眼插座\n2、安装方式:暗装","个","21",23.97,503.37,0]
["20","030404035003","插座","1、名称:二、三眼插座（带开关）\n2、安装方式:暗装","个","2",27.48,54.96,0]
["21","030404035004","插座","1、名称:地面插座\n2、安装方式:暗装","个","2",106.17,212.34,0]
["22","030412004001","装饰灯","1、名称:嵌入式射灯（入射角可调）\n2、规格:LED：8W 光通量600lm\n3、安装形式:吊顶安装，含金属软管敷设","套","2",100.54,201.08,0]
["23","030412004002","装饰灯","1、名称:明装射灯（入射角可调）\n2、规格:LED：8W 光通量600lm\n3、安装形式:含金属软管敷设","套","3",117.74,353.22,0]
["本页小计",{"$nulls":6},9371.21,0]
[]
["【清单大师计价软件江苏版V9.45】"]
["分部分项工程和单价措施项目清单与计价表"]
["工程名称：紫琅新天地商管、物管办公区域装修工程-办公室安装",{"$nulls":3},"标段：","第3页 共10页"]
["序号","项目编码","项目名称","项目特征描述","计量\n单位","工程量","金额（元）"]
[{"$nulls":6},"综合单价","合价","其中"]
[{"$nulls":8},"暂估价"]
["24","030412004003","装饰灯","1、名称:筒灯\n2、规格:LED：12W 光通量1140lm\n3、安装形式:吊顶安装，含金属软管敷设","套","11",{"v":86.7,"d":"86.70"},{"v":953.7,"d":"953.70"},0]
["25","030412004004","装饰灯","1、名称:明装筒灯\n2、规格:LED：12W 光通量1140lm\n3、安装形式:含金属软管敷设","套","22",122.54,2695.88,0]
["26","030412005001","荧光灯","1、名称:条形灯 L=3000\n2、规格:150宽定制灯具，LED：23W/m\n3、安装形式:吊装、含金属软管敷设","套","8",353.17,2825.36,0]
["27","030412005002","荧光灯","1、名称:条形灯 L=4000\n2、规格:150宽定制灯具，LED：23W/m\n3、安装形式:吊装、含金属软管敷设","套","4",460.71,1842.84,0]
["28","030412004005","装饰灯","1、名称:装饰吊灯\n2、规格:LED：36W 光通量2880lm\n3、安装形式:吊装","套","1",{"v":969,"d":"969.00"},{"v":969,"d":"969.00"},0]
["29","030412004006","装饰灯","1、名称:LED灯带\n2、型号:L1\n3、规格:LED：10W/m，光通量：1100lm/m","m","12.4",31.71,{"v":393.2,"d":"393.20"},0]
["30","031101001001","开关电源设备","1、种类:LED灯带变压器\n2、规格:功率适配灯带","台","3",96.91,290.73,0]
[null,null,"分部小计",null,null,"",0,33289.29,0]
[null,null,"应急照明",null,null,"",0,0,0]
["31","030412004007","装饰灯","1、名称:安全出口灯\n2、安装形式:移位，含增加的软管和线，材料换新","套","3",125.84,377.52,0]
["本页小计",{"$nulls":6},10348.23,0]
[]
["【清单大师计价软件江苏版V9.45】"]
["分部分项工程和单价措施项目清单与计价表"]
["工程名称：紫琅新天地商管、物管办公区域装修工程-办公室安装",{"$nulls":3},"标段：","第4页 共10页"]
["序号","项目编码","项目名称","项目特征描述","计量\n单位","工程量","金额（元）"]
[{"$nulls":6},"综合单价","合价","其中"]
[{"$nulls":8},"暂估价"]
["32","030412004008","装饰灯","1、名称:应急筒灯\n2、安装形式:移位，含增加的软管和线，材料换新","套","9",122.98,1106.82,0]
["33","030412004009","装饰灯","1、名称:疏散指示灯（吊装）\n2、安装形式:移位，含增加的软管和线，材料换新","套","3",133.18,399.54,0]
["34","030412004010","装饰灯","1、名称:疏散指示灯（壁装）\n2、安装形式:移位，含增加的软管和线，材料换新","套","4",125.84,503.36,0]
["35","030413002001","凿（压）槽","1、名称:墙面开槽\n2、规格:d20以内\n3、填充（恢复）方式:恢复至原墙体标准","m","129.25",10.83,1399.78,0]
["36","030413002002","凿（压）槽","1、名称:墙面开槽\n2、规格:d32以内\n3、填充（恢复）方式:恢复至原墙体标准","m","33.9",16.33,553.59,0]
[null,null,"分部小计",null,null,"",0,4340.61,0]
[null,null,"智能化",null,null,"",0,0,0]
["37","030411001005","配管","1、名称:PVC阻燃塑料管\n2、规格:PC20\n3、配置形式:砖、混凝土结构暗配","m","98.21",12.04,1182.45,0]
["38","030411001006","配管","1、名称:PVC阻燃塑料管\n2、规格:PC25\n3、配置形式:砖、混凝土结构暗配","m","166.78",{"v":14.6,"d":"14.60"},2434.99,0]
["39","030411006003","接线盒","1、名称:接线盒\n2、材质:塑料\n3、规格:86型","个","43",{"v":7.4,"d":"7.40"},{"v":318.2,"d":"318.20"},0]
["40","030411005001","接线箱","1、名称:弱电箱\n2、规格:满足智能化设计要求\n3、安装形式:暗装","个","3",{"v":202.9,"d":"202.90"},{"v":608.7,"d":"608.70"},0]
["41","030502005001","双绞线缆","1、名称:超五类线\n2、敷设方式:管、槽内敷设","m","284.65",4.08,1161.37,0]
[null,null,"分部小计",null,null,"",0,5705.71,0]
[null,null,"消防电",null,null,"",0,0,0]
["本页小计",{"$nulls":6},{"v":9668.8,"d":"9668.80"},0]
[]
["【清单大师计价软件江苏版V9.45】"]
["分部分项工程和单价措施项目清单与计价表"]
["工程名称：紫琅新天地商管、物管办公区域装修工程-办公室安装",{"$nulls":3},"标段：","第5页 共10页"]
["序号","项目编码","项目名称","项目特征描述","计量\n单位","工程量","金额（元）"]
[{"$nulls":6},"综合单价","合价","其中"]
[{"$nulls":8},"暂估价"]
["42","030904001001","点型探测器","1、名称:声光报警器\n2、移位，含管线，材料换新","个","2",160.89,321.78,0]
["43","030904001002","点型探测器","1、名称:广播\n2、移位，含管线，材料换新","个","3",79.51,238.53,0]
["44","030904001003","点型探测器","1、名称:手动报警按钮\n2、移位，含管线，材料换新","个","2",124.81,249.62,0]
["45","030904001004","点型探测器","1、名称:烟感探测器\n2、移位，含管线，材料换新","个","13",130.85,1701.05,0]
[null,null,"分部小计",null,null,"",0,2510.98,0]
[null,null,"给排水",null,null,"",0,0,0]
["46","031001006001","塑料管","1、安装部位:室内\n2、介质:给水\n3、材质、规格:PP-R De20\n4、连接形式:热熔连接\n5、压力试验及吹、洗设计要求:按图纸设计及规范要求","m","26.28",{"v":28,"d":"28.00"},735.84,0]
["47","031001006002","塑料管","1、安装部位:室内\n2、介质:排水\n3、材质、规格:UPVC De75\n4、连接形式:粘接\n5、含与主立管碰接","m","16",52.64,842.24,0]
["48","031001006003","塑料管","1、安装部位:室内\n2、介质:排水\n3、材质、规格:UPVC De50\n4、连接形式:粘接","m","1.5",34.37,51.56,0]
["49","030413002003","凿（压）槽","1、名称:墙面开槽\n2、规格:d20以内\n3、填充（恢复）方式:恢复至原墙体标准","m","2.55",10.83,27.62,0]
["50","030413003001","打洞（孔）","1、名称:混凝土楼板开孔\n2、规格:DN80","个","2",47.47,94.94,0]
["本页小计",{"$nulls":6},4263.18,0]
[]
["【清单大师计价软件江苏版V9.45】"]
["分部分项工程和单价措施项目清单与计价表"]
["工程名称：紫琅新天地商管、物管办公区域装修工程-办公室安装",{"$nulls":3},"标段：","第6页 共10页"]
["序号","项目编码","项目名称","项目特征描述","计量\n单位","工程量","金额（元）"]
[{"$nulls":6},"综合单价","合价","其中"]
[{"$nulls":8},"暂估价"]
["51","031003013001","水表","1、型号、规格:DN15\n2、连接形式:螺纹连接\n3、附件配置:含阀门","组","1",123.34,123.34,0]
["52","031004004001","洗涤盆","1、材质:陶瓷\n2、组装形式:单冷水嘴\n3、附件名称、数量:含排水、软管等附件","组","1",228.55,228.55,0]
[null,null,"分部小计",null,null,"",0,2104.09,0]
[null,null,"消防水",null,null,"",0,0,0]
["53","030901001001","水喷淋钢管","1、安装部位:室内\n2、材质:内外热浸镀锌钢管\n3、规格:DN25\n4、连接形式:螺纹连接\n5、压力试验及冲洗设计要求:按图纸及规范要求\n6、包含原管道接头拆换","m","39.57",49.41,1955.15,0]
["54","030901003001","水喷淋（雾）喷头","1、安装部位:室内\n2、材质、型号、规格:吊顶型喷头 K=115 动作温度t=68°C DN15\n3、连接形式:有吊顶","个","51",39.37,2007.87,0]
[null,null,"分部小计",null,null,"",0,3963.02,0]
[null,null,"暖通",null,null,"",0,0,0]
["55","030701004001","风机盘管","1、名称:多联机室内机\n2、规格:风量:420m3/h 制冷量:2.8KW 制热量:3.2KW  功率53W 噪声:30dB(A) \n3、减振器、支架形式、材质:按图纸及规范要求设置","台","1",3613.08,3613.08,0]
["本页小计",{"$nulls":6},7927.99,0]
[]
["【清单大师计价软件江苏版V9.45】"]
["分部分项工程和单价措施项目清单与计价表"]
["工程名称：紫琅新天地商管、物管办公区域装修工程-办公室安装",{"$nulls":3},"标段：","第7页 共10页"]
["序号","项目编码","项目名称","项目特征描述","计量\n单位","工程量","金额（元）"]
[{"$nulls":6},"综合单价","合价","其中"]
[{"$nulls":8},"暂估价"]
["56","030701004002","风机盘管","1、名称:多联机室内机\n2、规格:风量:540m3/h 制冷量:4.5KW 制热量:5KW  功率63W 噪声:32dB(A)\n3、减振器、支架形式、材质:按图纸及规范要求设置","台","6",3661.62,21969.72,0]
["57","030701004003","风机盘管","1、名称:多联机室内机\n2、规格:风量:720m3/h 制冷量:5.6KW 制热量:6.3KW  功率:74W 噪声:33dB(A)\n3、减振器、支架形式、材质:按图纸及规范要求设置","台","2",{"v":3551.6,"d":"3551.60"},{"v":7103.2,"d":"7103.20"},0]
["58","030701004004","风机盘管","1、名称:多联机室内机\n2、规格:风量:690m3/h 制冷量:4.5KW 制热量:5.0KW  功率:127W 噪声:38dB(A)\n3、减振器、支架形式、材质:按图纸及规范要求设置","台","1",2570.25,2570.25,0]
["59","030701003001","空调器","1、名称:多联机室外机\n2、规格:制冷量：61.5kW 制热：69kw 功率：18.7KW 运行噪音：≤66dB(A)\n3、安装形式:落地式","台","1",34252.32,34252.32,0]
["本页小计",{"$nulls":6},65895.49,0]
[]
["【清单大师计价软件江苏版V9.45】"]
["分部分项工程和单价措施项目清单与计价表"]
["工程名称：紫琅新天地商管、物管办公区域装修工程-办公室安装",{"$nulls":3},"标段：","第8页 共10页"]
["序号","项目编码","项目名称","项目特征描述","计量\n单位","工程量","金额（元）"]
[{"$nulls":6},"综合单价","合价","其中"]
[{"$nulls":8},"暂估价"]
["60","031001004001","铜管","1、介质:冷媒\n2、由品牌商二次设计\n3、本计量单位每米内综合了气管、液管、分歧器、保温、支架、管内填充冷媒、室内外机的控制电缆、及温控器控制电缆等。\n4、铜管管径综合考虑，不含冷凝水管，另详冷凝水管清单。","m","82.7",159.71,13208.02,0]
["61","030404022001","控制器","1、名称:VRV室内机线控器","台","10",246.45,{"v":2464.5,"d":"2464.50"},0]
["62","030702001001","碳钢通风管道","1、材质:热镀锌板\n2、形状:矩形\n3、规格:周长：800mm以下\n4、板材厚度:0.5mm\n5、管件、法兰等附件及支架设计要求 :型钢法兰\n6、接口形式:咬口","m2","14.71",193.38,2844.62,0]
["63","030702001002","碳钢通风管道","1、材质:热镀锌板\n2、形状:矩形\n3、规格:周长：2000mm以下\n4、板材厚度:0.5mm\n5、管件、法兰等附件及支架设计要求 :型钢法兰\n6、接口形式:咬口","m2","16.54",147.27,2435.85,0]
["64","030702001003","碳钢通风管道","1、材质:热镀锌板\n2、形状:矩形\n3、规格:周长：2000mm以下\n4、板材厚度:0.6mm\n5、管件、法兰等附件及支架设计要求 :型钢法兰\n6、接口形式:咬口","m2","3.12",153.37,478.51,0]
["65","030702008001","柔性软风管","1、名称:柔性保温软风管","m2","1.8",103.19,185.74,0]
["66","030703001001","碳钢阀门","1、名称:防火阀 70℃\n2、规格:250*120","个","2",648.91,1297.82,0]
["本页小计",{"$nulls":6},22915.06,0]
[]
["【清单大师计价软件江苏版V9.45】"]
["分部分项工程和单价措施项目清单与计价表"]
["工程名称：紫琅新天地商管、物管办公区域装修工程-办公室安装",{"$nulls":3},"标段：","第9页 共10页"]
["序号","项目编码","项目名称","项目特征描述","计量\n单位","工程量","金额（元）"]
[{"$nulls":6},"综合单价","合价","其中"]
[{"$nulls":8},"暂估价"]
["67","030703001002","碳钢阀门","1、名称:防火阀 70℃\n2、规格:500*200","个","1",663.87,663.87,0]
["68","030703001003","碳钢阀门","1、名称:对开多页调节阀\n2、规格:250*120","个","3",242.08,726.24,0]
["69","030703001004","碳钢阀门","1、名称:对开多页调节阀\n2、规格:500*200","个","1",242.08,242.08,0]
["70","030703011001","铝及铝合金风口、散流器","1、名称:铝合金百叶风口\n2、规格:1250*200","个","1",1477.17,1477.17,0]
["71","030703011002","铝及铝合金风口、散流器","1、名称:方形散流器\n2、规格:240*240","个","5",115.83,579.15,0]
["72","030703011003","铝及铝合金风口、散流器","1、名称:门铰式回风口\n2、规格:600*300","个","1",125.45,125.45,0]
["73","031001006004","塑料管","1、安装部位:室内\n2、介质:冷凝水\n3、材质、规格:PVC-U De25\n4、连接形式:粘接\n5、压力试验及吹、洗设计要求:按图纸设计及规范要求","m","24.46",26.06,637.43,0]
["74","031001006005","塑料管","1、安装部位:室内\n2、介质:冷凝水\n3、材质、规格:UPVC De32\n4、连接形式:粘结\n5、压力试验及吹、洗设计要求:按图纸及规范要求","m","25.09",{"v":29.4,"d":"29.40"},737.65,0]
["75","031001006006","塑料管","1、安装部位:室外立管\n2、介质:冷凝水\n3、材质、规格:UPVC De40\n4、连接形式:粘结\n5、压力试验及吹、洗设计要求:按图纸及规范要求","m","21.86",37.22,813.63,0]
["76","031208002001","管道绝热","1、绝热材料品种:冷凝水橡塑保温管（B1级）\n2、绝热厚度:19mm\n3、管道外径:≤57mm","m3","0.2",1691.02,{"v":338.2,"d":"338.20"},0]
["本页小计",{"$nulls":6},6340.87,0]
[]
["【清单大师计价软件江苏版V9.45】"]
["分部分项工程和单价措施项目清单与计价表"]
["工程名称：紫琅新天地商管、物管办公区域装修工程-办公室安装",{"$nulls":3},"标段：","第10页 共10页"]
["序号","项目编码","项目名称","项目特征描述","计量\n单位","工程量","金额（元）"]
[{"$nulls":6},"综合单价","合价","其中"]
[{"$nulls":8},"暂估价"]
["77","031201003001","金属结构刷油","1、除锈级别:轻锈\n2、油漆品种:防锈漆两道","kg","130.61",{"v":1.4,"d":"1.40"},182.85,0]
["78","011615001001","开孔（打洞）","1、部位:墙体及楼板开孔","项","1",443.64,443.64,0]
["79","030704001001","通风工程检测、调试",null,"项","1",769.81,769.81,0]
[null,null,"分部小计",null,null,"",0,{"v":100160.8,"d":"100160.80"},0]
[null,null,"分部分项工程清单合计",null,null,"",0,{"v":152074.5,"d":"152074.50"},0]
["1","031301017001","脚手架搭拆",null,"项","1",{"v":1045.6,"d":"1045.60"},{"v":1045.6,"d":"1045.60"},0]
[null,null,"单价措施项目清单合计",null,null,"",0,{"v":1045.6,"d":"1045.60"},0]
{"$rows_empty":26}
["本页小计",{"$nulls":6},{"v":2441.9,"d":"2441.90"},0]
["合    计",{"$nulls":6},{"v":153120.1,"d":"153120.10"},0]
[]
["【清单大师计价软件江苏版V9.45】"]

{"sheet":"3.3 表-11 总价措施项目清单与计价表","index":10,"n_rows":71,"n_cols":9,"rows_kept":71,"merged":[[0,0,0,8],[1,0,1,4],[1,6,1,8],[15,0,15,8],[16,0,16,8],[17,0,17,4],[17,6,17,8],[26,0,26,8],[27,0,27,8],[28,0,28,4],[28,6,28,8],[32,0,32,8],[33,0,33,8],[34,0,34,4],[34,6,34,8],[68,0,68,4],[70,0,70,8]],"flags":["formulas_cached_only"]}
["总价措施项目清单与计价表"]
["工程名称：紫琅新天地商管、物管办公区域装修工程-办公室安装",{"$nulls":4},"标段：","第1页 共4页"]
["序号","项目编码","项目名称","计算基础","费率（%）","金额（元）","调整\n费率（%）","调整后\n金额（元）","备注"]
["1","031302001001","现场安全文明施工",null,0,1569.09]
["1.1",null,"基本费","分部分项工程费+单价措施项目费-除税工程设备费",{"v":1.5,"d":"1.500"},1376.39]
["1.2",null,"标化增加费","分部分项工程费+单价措施项目费-除税工程设备费",0,0]
["1.3",null,"扬尘污染防治增加费","分部分项工程费+单价措施项目费-除税工程设备费",{"v":0.21,"d":"0.210"},{"v":192.7,"d":"192.70"}]
["2","031302010001","工程按质论价","分部分项工程费+单价措施项目费-除税工程设备费",0,0]
["3","031302002001","夜间施工","分部分项工程费+单价措施项目费-除税工程设备费",0,0]
["4","031302004001","二次搬运","分部分项工程费+单价措施项目费-除税工程设备费",0,0]
["5","031302005001","冬雨季施工","分部分项工程费+单价措施项目费-除税工程设备费",0,0]
["6","03B001","地上、地下设施、建筑物的临时保护设施","分部分项工程费+单价措施项目费-除税工程设备费",0,0]
["7","031302006001","已完工程及设备保护费","分部分项工程费+单价措施项目费-除税工程设备费",0,0]
["8","031302008001","临时设施费","分部分项工程费+单价措施项目费-除税工程设备费",{"v":1.1,"d":"1.100"},1009.35]
[]
["【清单大师计价软件江苏版V9.45】"]
["总价措施项目清单与计价表"]
["工程名称：紫琅新天地商管、物管办公区域装修工程-办公室安装",{"$nulls":4},"标段：","第2页 共4页"]
["序号","项目编码","项目名称","计算基础","费率（%）","金额（元）","调整\n费率（%）","调整后\n金额（元）","备注"]
["9","031302009001","赶工措施费","分部分项工程费+单价措施项目费-除税工程设备费",0,0]
["10","03B002","特殊条件下施工增加费","分部分项工程费+单价措施项目费-除税工程设备费",0,0]
["11","031302003001","非夜间施工照明","分部分项工程费+单价措施项目费-除税工程设备费",0,0]
["12","031302011001","住宅工程分户验收","分部分项工程费+单价措施项目费-除税工程设备费",0,0]
["13","031302012001","建筑工人实名制费用","分部分项工程费+单价措施项目费-除税工程设备费",{"v":0.03,"d":"0.030"},27.53]
["14","031302015001","智慧工地费用","分部分项工程费+单价措施项目费-除税工程设备费",0,0,null,null,"现场安全隐患排查、人员信息动态管理、扬尘管控视频监控、高处作业防护预警、危大工程监测预警和集成平台等设备、软件和管理费用。"]
[]
["【清单大师计价软件江苏版V9.45】"]
["总价措施项目清单与计价表"]
["工程名称：紫琅新天地商管、物管办公区域装修工程-办公室安装",{"$nulls":4},"标段：","第3页 共4页"]
["序号","项目编码","项目名称","计算基础","费率（%）","金额（元）","调整\n费率（%）","调整后\n金额（元）","备注"]
["15","031302016001","新冠疫情常态化防控","分部分项工程费+单价措施项目费-除税工程设备费",{"v":0.3,"d":"0.300"},275.28,null,null,"1. 防控物资费：口罩、酒精、测温枪、红外体温探测仪、防护服、护目镜、手套、消毒喷壶、电动喷雾器、水银温度计、防疫标语、宣传牌、废弃防疫物资专用回收箱（垃圾桶）等。2.防控人员费：因疫情防控增加的专职消杀人员及现场管理人员的工资。3.防控增加的临时设施费：主要为现场设置的隔离棚、隔离围栏、隔离用集装箱、扩建的工人宿舍等。4."]
[]
["【清单大师计价软件江苏版V9.45】"]
["总价措施项目清单与计价表"]
["工程名称：紫琅新天地商管、物管办公区域装修工程-办公室安装",{"$nulls":4},"标段：","第4页 共4页"]
["序号","项目编码","项目名称","计算基础","费率（%）","金额（元）","调整\n费率（%）","调整后\n金额（元）","备注"]
[{"$nulls":4},{"v":0.3,"d":"0.300"},275.28,null,null,"重点人群常态化核酸自费检测费用、交通和时间占用。"]
{"$rows_empty":31}
["合   计",{"$nulls":4},2881.25]
[]
["【清单大师计价软件江苏版V9.45】"]

{"sheet":"3.4 表-12 其他项目清单与计价汇总表","index":11,"n_rows":45,"n_cols":5,"rows_kept":45,"merged":[[0,0,0,4],[1,0,1,2],[42,0,42,1],[44,0,44,4]],"flags":["formulas_cached_only"]}
["其他项目清单与计价汇总表"]
["工程名称：紫琅新天地商管、物管办公区域装修工程-办公室安装",null,null,"标段：","第1页 共1页"]
["序号","项目名称","金额(元)","结算金额(元)","备注"]
["1","暂列金额",0]
["2","暂估价",0]
["2.1","材料暂估价",0]
["2.2","专业工程暂估价",0]
["3","计日工",0]
["4","总承包服务费",0]
{"$rows_empty":33}
["合  计",null,0]
[]
["【清单大师计价软件江苏版V9.45】"]

{"sheet":"3.5 表-12-1 暂列金额明细表","index":12,"n_rows":45,"n_cols":5,"rows_kept":45,"merged":[[0,0,0,4],[1,0,1,2],[42,0,42,2],[44,0,44,4]],"flags":["formulas_cached_only"]}
["暂列金额明细表"]
["工程名称：紫琅新天地商管、物管办公区域装修工程-办公室安装",null,null,"标段：","第1页 共1页"]
["序号","项目名称","计量单位","暂定金额(元)","备注"]
{"$rows_empty":39}
["合  计",null,null,0]
[]
["【清单大师计价软件江苏版V9.45】"]

{"sheet":"3.6 表-13 规费、税金项目计价表","index":13,"n_rows":41,"n_cols":6,"rows_kept":41,"merged":[[0,0,0,5],[1,0,1,2],[1,4,1,5],[38,0,38,4],[40,0,40,5]],"flags":["formulas_cached_only"]}
["规费、税金项目计价表"]
["工程名称：紫琅新天地商管、物管办公区域装修工程-办公室安装",null,null,"标段：","第1页 共1页"]
["序号","项目名称","计算基础","计算基数(元)","计算费率(％)","金额(元)"]
["1","规费",null,2668.87,0,2668.87]
["1.1","社会保险费","分部分项工程费+措施项目费+其他项目费-除税工程设备费",94640.79,{"v":2.4,"d":"2.400"},2271.38]
["1.2","住房公积金","分部分项工程费+措施项目费+其他项目费-除税工程设备费",94640.79,{"v":0.42,"d":"0.420"},397.49]
["1.3","环境保护税","分部分项工程费+措施项目费+其他项目费-除税工程设备费",94640.79,0,0]
["2","税金","分部分项工程费+措施项目费+其他项目费+规费-除税甲供材料和甲供设备费/1.01",158670.22,{"v":9,"d":"9.000"},14280.32]
{"$rows_empty":30}
["合  计",{"$nulls":4},16949.19]
[]
["【清单大师计价软件江苏版V9.45】"]

{"sheet":"3.7 承包人供应材料一览表（2008清单规范）","index":14,"n_rows":312,"n_cols":11,"rows_kept":312,"merged":[[0,0,0,10],[1,0,1,5],[1,7,1,10],[38,0,38,10],[39,0,39,10],[40,0,40,5],[40,7,40,10],[76,0,76,10],[77,0,77,10],[78,0,78,5],[78,7,78,10],[118,0,118,10],[119,0,119,10],[120,0,120,5],[120,7,120,10],[158,0,158,10],[159,0,159,10],[160,0,160,5],[160,7,160,10],[198,0,198,10],[199,0,199,10],[200,0,200,5],[200,7,200,10],[232,0,232,10],[233,0,233,10],[234,0,234,5],[234,7,234,10],[273,0,273,10],[274,0,274,10],[275,0,275,5],[275,7,275,10],[309,0,309,6],[311,0,311,10]],"flags":["formulas_cached_only"]}
["承包人供应材料一览表"]
["工程名称：紫琅新天地商管、物管办公区域装修工程-办公室安装",{"$nulls":5},"标段：","第1页 共8页"]
["序号","材料编码","材料名称","规格、型号\n等特殊要求","单位","数量","单价\n(元)","合价\n(元)","供应商\n(品牌)","产地","备注"]
["1","01030106","钢丝","φ1.6","kg",1.194,{"v":6,"d":"6.00"},7.17]
["2","01090166","圆钢","φ5.5～9","kg",2.653,4.42,11.73]
["3","01090166","圆钢","φ5.5～9","kg",3.796,4.42,16.78]
["4","01090172","圆钢","φ10～14","kg",12.944,4.42,57.21]
["5","01130141","扁钢","＜-59","kg",{"v":7.67,"d":"7.670"},4.37,33.52]
["6","01130141","扁钢","＜-59","kg",2.617,4.37,11.44]
["7","01210332","等边角钢","∟60×5","kg",{"v":239.83,"d":"239.830"},4.18,1002.49]
["8","01210332","等边角钢","∟60×5","kg",70.108,4.18,293.05]
["9","01270101","镀锌型钢",null,"kg",{"v":78.8,"d":"78.800"},4.75,{"v":374.3,"d":"374.30"}]
["10","01290108","钢板","δ1.0～1.5 Q235","kg",{"v":7.9,"d":"7.900"},4.48,35.39]
["11","01290108","钢板","δ1.0～1.5 Q235","kg",0.324,4.48,1.45]
["12","01290154","钢板","δ12～20 Q235","kg",1.464,4.35,6.37]
["13","01290436","热镀锌钢板","δ2.5 Q235B","m2",{"v":0.13,"d":"0.130"},87.01,11.31]
["14","01290453","热镀锌钢板","δ0.5","m2",35.563,26.94,958.05]
["15","01290453","热镀锌钢板","δ0.6","m2",3.551,{"v":32.3,"d":"32.30"},114.68]
["16","01293501","钢垫板",null,"kg",{"v":0.45,"d":"0.450"},3.77,{"v":1.7,"d":"1.70"}]
["17","01550304","封铅","含铅65%含锡35%","kg",0.209,8.58,1.79]
["18","02010106","橡胶板","δ1～15","kg",5.667,7.72,43.75]
["19","02010106","橡胶板","δ1～15","kg",4.302,7.72,33.21]
["20","02010508","石棉橡胶板","低中压 δ0.8～6","kg",0.214,11.06,2.36]
["21","02070226","橡胶垫","δ2","m2",0.109,14.58,1.59]
["22","02090105","聚氯乙烯薄膜",null,"kg",{"v":0.1,"d":"0.100"},7.72,0.77]
["23","02190109","聚四氟乙烯生料带","宽20","m",13.905,{"v":0.3,"d":"0.30"},4.17]
["24","02190109","聚四氟乙烯生料带","宽20","m",45.849,{"v":0.3,"d":"0.30"},13.75]
["25","02190142","尼龙卡带","4×50","个",38.316,0.18,{"v":6.9,"d":"6.90"}]
["26","02270106","白布",null,"m",{"v":0.46,"d":"0.460"},3.43,1.58]
["27","02270131","破布",null,"kg",0.796,{"v":6,"d":"6.00"},4.78]
["28","02270131","破布",null,"kg",0.831,{"v":6,"d":"6.00"},4.99]
["29","02290103","线麻",null,"kg",0.011,10.29,0.11]
["30","03011002","铁铆钉",null,"kg",0.598,5.15,3.08]
["31","03011002","铁铆钉",null,"kg",0.634,5.15,3.27]
["32","03030217","镀锌半圆头螺钉","M6～12×12～50","十个",45.924,0.13,5.97]
["33","03031208","自攻螺钉","M4×30","十个",{"v":0.2,"d":"0.200"},0.25,0.05]
["34","03031209","自攻螺钉","M4×40","十个",19.668,0.25,4.92]
[]
["【清单大师计价软件江苏版V9.45】"]
["承包人供应材料一览表"]
["工程名称：紫琅新天地商管、物管办公区域装修工程-办公室安装",{"$nulls":5},"标段：","第2页 共8页"]
["序号","材料编码","材料名称","规格、型号\n等特殊要求","单位","数量","单价\n(元)","合价\n(元)","供应商\n(品牌)","产地","备注"]
["35","03031211","自攻螺钉","M4×60","十个",5.712,0.26,1.49]
["36","03031212","自攻螺钉","M4×65","十个",{"v":16.67,"d":"16.670"},0.27,{"v":4.5,"d":"4.50"}]
["37","03031234","自攻螺钉","M6×40","十个",{"v":4.08,"d":"4.080"},0.67,2.73]
["38","03031303","镀锌自攻螺钉","M4～6×10～35","十个",{"v":0.64,"d":"0.640"},0.59,0.38]
["39","03031327","镀锌自攻螺钉","M6×100","十个",{"v":0.08,"d":"0.080"},0.48,0.04]
["40","03050102","螺栓",null,"套",1.266,0.21,0.27]
["41","03050507","精制带母镀锌螺栓","M6×75","套",268.599,0.56,150.42]
["42","03050516","精制带母镀锌螺栓","M10×75","套",15.566,0.67,10.43]
["43","03050571","精制带母镀锌螺栓","M2～5×4～20","套",{"v":22.7,"d":"22.700"},0.22,4.99]
["44","03050573","精制带母镀锌螺栓","M6～12×12～50","套",{"v":9.42,"d":"9.420"},0.33,3.11]
["45","03050575","精制带母镀锌螺栓","M8×75以下","套",177.923,0.64,113.87]
["46","03050575","精制带母镀锌螺栓","M8×75以下","套",{"v":119,"d":"119.000"},0.64,76.16]
["47","03050608","精制带母镀锌螺栓","带垫 M10×80～130","套",{"v":3.06,"d":"3.060"},1.17,3.58]
["48","03050651","精制带母镀锌螺栓","M8×50内2平1弹垫","套",7.235,0.69,4.99]
["49","03050654","精制带母镀锌螺栓","M10×100内2平1弹垫","套",{"v":6.3,"d":"6.300"},{"v":1.1,"d":"1.10"},6.93]
["50","03057113","伞形螺栓","M6～8×150","套",{"v":24.48,"d":"24.480"},0.34,8.32]
["51","03070117","膨胀螺栓","M10","套",{"v":6.12,"d":"6.120"},0.69,4.22]
["52","03070126","膨胀螺栓","M12","套",4.982,1.03,5.13]
["53","03070126","膨胀螺栓","M12","套",2.949,1.03,3.04]
["54","03070133","膨胀螺栓","M12×200","套",96.107,{"v":3,"d":"3.00"},288.32]
["55","03070806","塑料膨胀管","φ6×50","十个",{"v":1.46,"d":"1.460"},0.69,1.01]
["56","03070807","塑料膨胀管","φ8×50","十个",16.155,0.86,13.89]
["57","03090212","精制六角螺母","M6～10","十个",{"v":4,"d":"4.000"},0.69,2.76]
["58","03131104","垫圈","M10～20","十个",{"v":4,"d":"4.000"},0.43,1.72]
["59","03210211","砂轮片","φ400","片",0.715,11.58,8.28]
["60","03210211","砂轮片","φ400","片",0.459,11.58,5.32]
["61","03210211","砂轮片","φ400","片",0.816,11.58,9.45]
["62","03270104","铁砂布","2#","张",8.049,0.86,6.92]
["63","03410206","电焊条","J422 φ3.2","kg",3.996,6.46,25.81]
["64","03410206","电焊条","J422 φ3.2","kg",2.084,6.46,13.46]
["65","03410206","电焊条","J422 φ3.2","kg",0.079,6.46,0.51]
["66","03410207","电焊条","J422 φ4","kg",{"v":1.44,"d":"1.440"},6.46,{"v":9.3,"d":"9.30"}]
["67","03411302","焊锡",null,"kg",2.899,36.87,106.87]
[]
["【清单大师计价软件江苏版V9.45】"]
["承包人供应材料一览表"]
["工程名称：紫琅新天地商管、物管办公区域装修工程-办公室安装",{"$nulls":5},"标段：","第3页 共8页"]
["序号","材料编码","材料名称","规格、型号\n等特殊要求","单位","数量","单价\n(元)","合价\n(元)","供应商\n(品牌)","产地","备注"]
["68","03430900","焊锡丝",null,"kg",{"v":0.21,"d":"0.210"},42.88,{"v":9,"d":"9.00"}]
["69","03450404","焊锡膏","瓶装50g","kg",0.342,51.45,17.59]
["70","03570217","镀锌铁丝","8#～12#","kg",0.569,5.82,3.31]
["71","03570225","镀锌铁丝","13#～17#","kg",4.505,5.82,26.22]
["72","03570225","镀锌铁丝","13#～17#","kg",0.305,5.82,1.77]
["73","03570237","镀锌铁丝","22#","kg",0.986,5.82,5.74]
["74","03632105","钻头","φ3","根",{"v":0.04,"d":"0.040"},{"v":1.2,"d":"1.20"},0.05]
["75","03633105","冲击钻头","φ6～8","根",{"v":0.68,"d":"0.680"},1.72,1.17]
["76","03633106","冲击钻头","φ6～12","根",1.718,2.57,4.41]
["77","03633108","冲击钻头","φ10～20","根",0.051,{"v":6,"d":"6.00"},0.31]
["78","03652404","金刚石锯片","φ114×1.8","片",3.687,17.15,63.22]
["79","03652421","锯条",null,"根",14.223,0.19,{"v":2.7,"d":"2.70"}]
["80","03652422","钢锯条",null,"根",3.279,0.21,0.69]
["81","03652906","钢丝刷子",null,"把",0.196,1.54,{"v":0.3,"d":"0.30"}]
["82","04010611","水泥","32.5级","kg",462.779,{"v":0.4,"d":"0.40"},185.11]
["83","04030102","黄砂",null,"m3",0.216,120.46,26.04]
["84","04030107","中砂",null,"t",2.361,179.72,424.34]
["85","05050111","胶合板","2440×1220×6","m2",{"v":0.42,"d":"0.420"},10.29,4.32]
["86","05230133","圆木台","150～250","块",{"v":6.3,"d":"6.300"},0.01,0.06]
["87","05230136","圆木台","63～138×22","块",{"v":25.2,"d":"25.200"},0.01,0.25]
["88","11030305","醇酸防锈漆","C53-1","kg",2.781,12.87,35.79]
["89","11030306","酚醛防锈漆",null,"kg",{"v":2.22,"d":"2.220"},0,0]
["90","11030525","防火涂料","A60-1","kg",{"v":0.96,"d":"0.960"},16.29,15.64]
["91","11030703","沥青漆",null,"kg",0.222,10.29,2.28]
["92","11030704","沥青清漆",null,"kg",0.392,{"v":6,"d":"6.00"},2.35]
["93","11030904","沥青绝缘漆",null,"kg",0.445,15.44,6.88]
["94","11112504","无光调和漆",null,"kg",{"v":0.09,"d":"0.090"},12.86,1.16]
["95","11112524","厚漆",null,"kg",0.992,8.58,8.51]
["96","11452103","工业酒精","99.5%","kg",0.255,6.86,1.75]
["97","11590504","聚氯乙烯热熔密封胶",null,"kg",0.321,10.72,3.44]
["98","11590914","硅酮密封胶",null,"L",{"v":0.1,"d":"0.100"},{"v":68.6,"d":"68.60"},6.86]
["99","11591104","玻璃胶","310g","支",{"v":0.03,"d":"0.030"},12.86,0.39]
["100","11593504","油灰",null,"kg",{"v":0.15,"d":"0.150"},1.29,0.19]
["101","12010103","汽油",null,"kg",8.649,9.12,78.88]
["102","12030106","溶剂汽油",null,"kg",0.695,7.89,5.49]
["103","12050311","机油",null,"kg",0.807,7.72,6.23]
["104","12050311","机油",null,"kg",0.194,7.72,{"v":1.5,"d":"1.50"}]
[]
["【清单大师计价软件江苏版V9.45】"]
["承包人供应材料一览表"]
["工程名称：紫琅新天地商管、物管办公区域装修工程-办公室安装",{"$nulls":5},"标段：","第4页 共8页"]
["序号","材料编码","材料名称","规格、型号\n等特殊要求","单位","数量","单价\n(元)","合价\n(元)","供应商\n(品牌)","产地","备注"]
["105","12060317","清油",null,"kg",0.392,13.72,5.38]
["106","12070109","电力复合脂",null,"kg",1.641,17.15,28.14]
["107","12300367","硬酯酸","一级","kg",0.018,10.29,0.19]
["108","12310308","丙酮",null,"kg",0.474,5.15,2.44]
["109","12310331","漂白粉",null,"kg",0.088,3.43,{"v":0.3,"d":"0.30"}]
["110","12331305","丙酮清洗剂",null,"kg",0.118,15.44,1.83]
["111","12370305","氧气",null,"m3",1.915,2.83,5.42]
["112","12370305","氧气",null,"m3",0.736,2.83,2.08]
["113","12370305","氧气",null,"m3",0.059,2.83,0.17]
["114","12370335","乙炔气",null,"kg",{"v":0.68,"d":"0.680"},15.44,{"v":10.5,"d":"10.50"}]
["115","12370335","乙炔气",null,"kg",0.265,15.44,4.09]
["116","12370335","乙炔气",null,"kg",{"v":0.02,"d":"0.020"},15.44,0.31]
["117","12410101","粘结剂",null,"kg",{"v":1.4,"d":"1.400"},15.44,21.62]
["118","12410104","粘结剂","卫生级","kg",0.294,15.44,4.54]
["119","12413518","901胶",null,"kg",{"v":0.13,"d":"0.130"},2.14,0.28]
["120","12413537","立时得胶",null,"kg",{"v":0.15,"d":"0.150"},12.43,1.86]
["121","12413542","胶合剂",null,"kg",0.245,8.56,{"v":2.1,"d":"2.10"}]
["122","12430303","胶带","(9m/卷)","卷",{"v":1.6,"d":"1.600"},4.44,{"v":7.1,"d":"7.10"}]
["123","12430344","自粘橡胶带","20mm×5m","卷",{"v":0.3,"d":"0.300"},12.43,3.73]
["124","12430365","塑料胶布带","25mm×10m","卷",2.927,3.14,9.19]
["125","13120503","橡塑保温板",null,"m3",0.206,1064.75,219.34]
["126","13121124","聚酯乙烯泡沫塑料",null,"kg",{"v":1,"d":"1.000"},47.17,47.17]
["127","14010305-4","镀锌钢管","DN32","m",76.189,19.45,1481.88]
["128","14030319","热镀锌钢管","DN25","m",40.361,13.97,563.85]
["129","14050130","无缝钢管","φ57×3","m",{"v":0.04,"d":"0.040"},20.86,0.83]
["130","14210121","金属软管","CP15","m",{"v":44.29,"d":"44.290"},{"v":2,"d":"2.00"},88.58]
["131","14310377","承插塑料排水管","dn50","m",1.451,7.24,{"v":10.5,"d":"10.50"}]
["132","14310378","承插塑料排水管","dn75","m",15.408,14.03,216.17]
["133","14310503-2","UPVC给水管","De25","m",24.949,2.48,61.87]
["134","14310503-3","UPVC给水管","De32","m",25.592,3.44,88.04]
["135","14310503-4","UPVC给水管","De40","m",22.297,9.27,{"v":206.7,"d":"206.70"}]
["136","14311503-1","PP-R给水管","De20","m",26.806,5.08,136.17]
["137","14312502","塑料软管",null,"kg",{"v":0.45,"d":"0.450"},15.78,{"v":7.1,"d":"7.10"}]
["138","14312509","塑料软管","dn6","m",{"v":3,"d":"3.000"},1.89,5.67]
["139","14350105","异型塑料管","dn2.5～5","m",{"v":0.75,"d":"0.750"},1.17,0.88]
[]
["【清单大师计价软件江苏版V9.45】"]
["承包人供应材料一览表"]
["工程名称：紫琅新天地商管、物管办公区域装修工程-办公室安装",{"$nulls":5},"标段：","第5页 共8页"]
["序号","材料编码","材料名称","规格、型号\n等特殊要求","单位","数量","单价\n(元)","合价\n(元)","供应商\n(品牌)","产地","备注"]
["140","14350106","异型塑料管","dn5","m",{"v":1.16,"d":"1.160"},1.17,1.36]
["141","14370507","橡胶软管","φ50","m",0.317,26.76,8.47]
["142","15020301","镀锌钢管接头零件","DN25","个",57.218,2.47,141.33]
["143","15021307","镀锌管箍","DN25","个",{"v":51.51,"d":"51.510"},1.93,99.41]
["144","15021703","镀锌丝堵","DN15","个",{"v":5.1,"d":"5.100"},0.93,4.74]
["145","15022307","镀锌弯头","DN25","个",30.906,{"v":2.7,"d":"2.70"},83.45]
["146","15023129","镀锌锁紧螺母","3×32","个",11.428,0.54,6.17]
["147","15023141","镀锌锁紧螺母","M15～20×3","个",264.565,0.12,31.75]
["148","15023141","镀锌锁紧螺母","M15～20×3","个",95.675,0.12,11.48]
["149","15130305","金属软管接头","φ15～20","个",{"v":88.58,"d":"88.580"},1.37,121.35]
["150","15212506","给水塑料管管夹","dn20","个",32.899,1.29,42.44]
["151","15212507","给水塑料管管夹","dn25","个",27.574,1.97,54.32]
["152","15212508","给水塑料管管夹","dn32","个",20.811,3.26,67.84]
["153","15230307","承插塑料排水管件","dn50","个",1.353,1.85,{"v":2.5,"d":"2.50"}]
["154","15230308","承插塑料排水管件","dn75","个",17.216,3.99,68.69]
["155","15271912","管接头","FST20","个",14.437,0.25,3.61]
["156","15271913","管接头","FST25","个",24.517,0.33,8.09]
["157","15370113","管卡(紧定管用)","DN20","个",{"v":227.31,"d":"227.310"},0.15,{"v":34.1,"d":"34.10"}]
["158","15370312","镀锌管卡","DN32","个",63.237,1.59,100.55]
["159","15430305","透气帽(铅丝球)","DN50","个",0.039,1.66,0.06]
["160","15430306","透气帽(铅丝球)","DN75","个",{"v":0.8,"d":"0.800"},2.38,{"v":1.9,"d":"1.90"}]
["161","16030503","螺纹闸阀","Z15T-10K DN15","个",{"v":1.01,"d":"1.010"},13.21,13.34]
["162","16410113","阀门","DN50 PN10","个",{"v":0.04,"d":"0.040"},{"v":92.9,"d":"92.90"},3.68]
["163","17010920","平焊法兰","0.6MPa DN50","片",{"v":0.04,"d":"0.040"},20.32,{"v":0.8,"d":"0.80"}]
["164","18130101","洗涤盆",null,"只",{"v":1.01,"d":"1.010"},159.71,161.31]
["165","18410301","水嘴",null,"个",{"v":1.01,"d":"1.010"},0,0]
["166","18430101","排水栓",null,"套",{"v":1.01,"d":"1.010"},0,0]
["167","19110103","管子托钩","DN15","个",{"v":34.19,"d":"34.190"},1.01,34.53]
["168","20210101","消防喷头","DN15 有吊顶 K115","个",{"v":51.51,"d":"51.510"},10.65,548.58]
["169","21010303","螺纹水表","DN15","只",{"v":1,"d":"1.000"},57.67,57.67]
["170","22470111","嵌入式射灯（入射角可调）",null,"套",{"v":2.02,"d":"2.020"},84.29,170.27]
["171","22470111","筒灯",null,"套",{"v":11.11,"d":"11.110"},39.93,443.62]
["172","22470111","安全出口灯",null,"套",{"v":3.03,"d":"3.030"},62.11,188.19]
["173","22470111","应急筒灯",null,"套",{"v":9.09,"d":"9.090"},66.55,604.94]
["174","22470111","疏散指示灯",null,"套",{"v":7.07,"d":"7.070"},62.11,439.12]
[]
["【清单大师计价软件江苏版V9.45】"]
["承包人供应材料一览表"]
["工程名称：紫琅新天地商管、物管办公区域装修工程-办公室安装",{"$nulls":5},"标段：","第6页 共8页"]
["序号","材料编码","材料名称","规格、型号\n等特殊要求","单位","数量","单价\n(元)","合价\n(元)","供应商\n(品牌)","产地","备注"]
["175","22470111","装饰吊灯","LED：36W","套",{"v":1.01,"d":"1.010"},443.64,448.08]
["176","22470111","LED灯带","L1 10W/m","套",12.524,19.52,244.47]
["177","22470111","明装射灯",null,"套",{"v":3.03,"d":"3.030"},106.47,{"v":322.6,"d":"322.60"}]
["178","22470111","明装筒灯",null,"套",{"v":22.22,"d":"22.220"},75.42,1675.83]
["179","22470111","条形灯","L=3000","套",{"v":8.08,"d":"8.080"},319.42,2580.91]
["180","22470111","条形灯","L=4000","套",{"v":4.04,"d":"4.040"},{"v":425.9,"d":"425.90"},1720.64]
["181","23230131","照明开关","扳式暗开关(单控单联)","只",{"v":5.1,"d":"5.100"},5.32,27.13]
["182","23230131","照明开关","扳式暗开关(单控双联)","只",{"v":2.04,"d":"2.040"},{"v":7.1,"d":"7.10"},14.48]
["183","23230131","照明开关","扳式暗开关(单控三联)","只",{"v":3.06,"d":"3.060"},7.99,24.45]
["184","23412504","成套插座","单相暗插座15A5孔","套",{"v":21.42,"d":"21.420"},8.87,{"v":190,"d":"190.00"}]
["185","23412504","成套插座","单相暗插座15A（带开关）","套",{"v":2.04,"d":"2.040"},10.65,21.73]
["186","23412504","成套插座","地面插座","套",{"v":2.04,"d":"2.040"},75.42,153.86]
["187","23412504","成套插座","单相暗插座15A3孔","套",{"v":1.02,"d":"1.020"},4.44,4.53]
["188","24150703","瓷接头","双路","个",{"v":15.45,"d":"15.450"},0.24,3.71]
["189","24170102","黄漆布带","20mm×40m","卷",{"v":1.89,"d":"1.890"},17.15,32.41]
["190","25010309","裸铜线","10mm2","kg",{"v":0.6,"d":"0.600"},56.42,33.85]
["191","25030103","BV铜芯聚氯乙烯绝缘线","450V/750V1.5mm2","m",37.262,0.97,36.14]
["192","25030104","BV铜芯聚氯乙烯绝缘线","450V/750V2.5mm2","m",18.921,{"v":1.5,"d":"1.50"},28.38]
["193","25030141","BV铜芯聚氯乙烯绝缘线","105℃-1.5mm2","m",111.742,1.09,{"v":121.8,"d":"121.80"}]
["194","25030142","BV铜芯聚氯乙烯绝缘线","105℃-2.5mm2","m",{"v":10.65,"d":"10.650"},1.65,17.57]
["195","25430311","配线","WDZ-BYJ-2.5","m",1133.239,2.04,2311.81]
["196","25430315-3","配线","WDZ-BYJ-4","m",266.574,3.13,834.38]
["197","25430319","花线","2×23/0.15","m",1.527,2.26,3.45]
["198","25430507","双绞线缆",null,"m",290.343,2.48,720.05]
["199","26060121","刚性阻燃管","DN20","m",108.031,1.82,196.62]
["200","26060121","刚性阻燃管","DN25","m",183.458,2.72,499.01]
["201","26060351","紧定式镀锌电线管","DN20","m",345.833,2.73,944.12]
["202","26060351","紧定式镀锌电线管","DN25","m",79.598,3.42,272.23]
["203","26064105","塑料护口(钢管用)","dn15","个",264.565,{"v":0.1,"d":"0.10"},26.46]
[]
["【清单大师计价软件江苏版V9.45】"]
["承包人供应材料一览表"]
["工程名称：紫琅新天地商管、物管办公区域装修工程-办公室安装",{"$nulls":5},"标段：","第7页 共8页"]
["序号","材料编码","材料名称","规格、型号\n等特殊要求","单位","数量","单价\n(元)","合价\n(元)","供应商\n(品牌)","产地","备注"]
["204","26064105","塑料护口(钢管用)","dn15","个",100.125,{"v":0.1,"d":"0.10"},10.01]
["205","26064110","塑料护口(钢管用)","dn32","个",11.428,0.25,2.86]
["206","26064306","紧定式直管接头","φ20","个",58.792,1.54,90.54]
["207","26064307","紧定式直管接头","φ25","个",11.839,2.06,24.39]
["208","26065133","镀锌电线管接头","φ32×6","个",{"v":12.19,"d":"12.190"},1.79,21.82]
["209","26065306","紧定式锁母","φ20","个",56.838,{"v":0.9,"d":"0.90"},51.15]
["210","26065307","紧定式锁母","φ25","个",{"v":11.94,"d":"11.940"},1.29,{"v":15.4,"d":"15.40"}]
["211","26090503","铜接线端子","DT-4mm2","个",55.825,1.29,72.01]
["212","26090507","铜接线端子","DT-10mm2","个",{"v":6.09,"d":"6.090"},2.43,{"v":14.8,"d":"14.80"}]
["213","26110101","接线盒（铁质）",null,"只",{"v":144.84,"d":"144.840"},2.66,385.27]
["214","26110101","暗装接线盒（塑料）",null,"只",{"v":43.86,"d":"43.860"},1.33,58.33]
["215","26110145","钢接线盒",null,"个",{"v":42.84,"d":"42.840"},2.32,99.39]
["216","26110301","接线箱","半周长700mm以内","个",{"v":3,"d":"3.000"},70.98,212.94]
["217","26250311","镀锌电缆卡子","2×35","个",3.654,1.46,5.33]
["218","30250111","减震器",null,"台",{"v":40,"d":"40.000"},17.75,{"v":710,"d":"710.00"}]
["219","30250111","减震垫",null,"台",{"v":4,"d":"4.000"},39.93,159.72]
["220","31110301","棉纱头",null,"kg",4.444,5.57,24.75]
["221","31110301","棉纱头",null,"kg",0.162,5.57,{"v":0.9,"d":"0.90"}]
["222","31130106","其它材料费",null,"元",{"v":80.49,"d":"80.490"},0.86,69.22]
["223","31130106","其它材料费",null,"元",7.484,0.86,6.44]
["224","31150101","水",null,"m3",{"v":5.7,"d":"5.700"},{"v":5.1,"d":"5.10"},29.07]
["225","31150101","水",null,"m3",3.878,{"v":5.1,"d":"5.10"},19.78]
["226","31150301","电",null,"kW·h",3.041,0.97,2.95]
["227","31170103","标志牌",null,"个",6.262,0.16,{"v":1,"d":"1.00"}]
["228","31170104","标志牌","塑料扁形","个",{"v":2,"d":"2.000"},0.16,0.32]
["229","510000F","VRV室内机线控器",null,"台",{"v":10,"d":"10.000"},{"v":195.2,"d":"195.20"},{"v":1952,"d":"1952.00"}]
["230","510000F","LED灯带变压器",null,"台",{"v":3,"d":"3.000"},70.98,212.94]
["231","710000F","柔性保温软风管",null,"m2",{"v":1.8,"d":"1.800"},24.84,44.71]
["232","710000F","防火阀","70℃ 250*120","个",{"v":2,"d":"2.000"},558.11,1116.22]
["233","710000F","防火阀","70℃ 500*200","个",{"v":1,"d":"1.000"},558.11,558.11]
["234","710000F","对开多页调节阀","250*120","个",{"v":3,"d":"3.000"},172.13,516.39]
["235","710000F","对开多页调节阀","500*200","个",{"v":1,"d":"1.000"},172.13,172.13]
["236","710000F","铝合金百叶风口","1250*200","个",{"v":1,"d":"1.000"},1351.34,1351.34]
["237","CL040268","配电箱","AL1","台",{"v":1,"d":"1.000"},1330.93,1330.93]
["238","CL040268","配电箱","AL2","台",{"v":1,"d":"1.000"},1330.93,1330.93]
["239","CL040268","配电箱","AL3","台",{"v":1,"d":"1.000"},1330.93,1330.93]
[]
["【清单大师计价软件江苏版V9.45】"]
["承包人供应材料一览表"]
["工程名称：紫琅新天地商管、物管办公区域装修工程-办公室安装",{"$nulls":5},"标段：","第8页 共8页"]
["序号","材料编码","材料名称","规格、型号\n等特殊要求","单位","数量","单价\n(元)","合价\n(元)","供应商\n(品牌)","产地","备注"]
["240","CL040738","电力电缆","WDZ-YJVY-5*6","m",91.799,26.32,2416.15]
["241","CL070380","门铰式回风口","600*300","个",{"v":1,"d":"1.000"},58.56,58.56]
["242","CL070401","方形散流器","240*240","个",{"v":5,"d":"5.000"},81.63,408.15]
["243","CL090158","总线制感烟探测器",null,"个",{"v":13,"d":"13.000"},44.36,576.68]
["244","CL090164","消火栓按钮",null,"个",{"v":2,"d":"2.000"},39.93,79.86]
["245","CL090202","声光报警器",null,"个",{"v":2,"d":"2.000"},44.36,88.72]
["246","CL090210","吸顶式扬声器",null,"个",{"v":3,"d":"3.000"},39.93,119.79]
["247","CL100225","室内UPVC给水管件","De25","个",28.178,1.87,52.69]
["248","CL100226","室内UPVC给水管件","De32","个",{"v":25.04,"d":"25.040"},1.47,36.81]
["249","CL100227","室内UPVC给水管件","De40","个",17.554,2.96,51.96]
["250","CL100233","PP-R给水管件","De20","个",{"v":43.02,"d":"43.020"},2.13,91.63]
["251","D00005","铜管、保温及附件",null,"m",{"v":82.7,"d":"82.700"},159.71,13208.02]
["252","D00006","墙体及楼板开孔",null,"项",{"v":1,"d":"1.000"},443.64,443.64]
["253","D00007","原土建配电箱8-2AL1改造",null,"台",{"v":1,"d":"1.000"},443.64,443.64]
["254","SB19400101","多联机室内机","FXFP28LVC","台",{"v":1,"d":"1.000"},{"v":2950.5,"d":"2950.50"},{"v":2950.5,"d":"2950.50"}]
["255","SB19400101","多联机室内机","FXFP45LVC","台",{"v":6,"d":"6.000"},2999.04,17994.24]
["256","SB19400101","多联机室内机","FXFP56LVC","台",{"v":2,"d":"2.000"},2889.02,5778.04]
["257","SB19400101","多联机室内机","FXSP45MMVC","台",{"v":1,"d":"1.000"},1907.67,1907.67]
["258","SB50030101","多联机室外机","RHXYQ22AB","台",{"v":1,"d":"1.000"},31865.06,31865.06]
{"$rows_empty":13}
["合计",{"$nulls":6},115819.05]
[]
["【清单大师计价软件江苏版V9.45】"]

{"sheet":"4.1 表-04 单位工程招标控制价表","index":15,"n_rows":45,"n_cols":4,"rows_kept":45,"merged":[[0,0,0,3],[1,0,1,1],[42,0,42,1],[44,0,44,3]],"flags":["formulas_cached_only"]}
["单位工程招标控制价表"]
["工程名称：紫琅新天地商管、物管办公区域装修工程-客服中心安装",null,"标段：","第1页 共1页"]
["序号","汇总内容","金额(元)","其中:暂估价(元)"]
["1","分部分项工程量清单计价合计",48709.87,0]
["1.1","人工费",6014.07,0]
["1.2","材料费",39217.27,0]
["1.3","施工机具使用费",233.74,0]
["1.4","企业管理费",2404.11,0]
["1.5","利润",840.69,0]
["2","措施项目清单计价合计",1008.84,0]
["2.1","单价措施项目费",259.84,0]
["2.2","总价措施项目费",{"v":749,"d":"749.00"},0]
["2.2.1","  其中：安全文明施工措施费",407.89,0]
["3","其他项目清单计价合计",0,0]
["3.1","  其中：暂列金额",0,0]
["3.2","  其中：专业工程暂估价",0,0]
["3.3","  其中：计日工",0,0]
["3.4","  其中：总承包服务费",0,0]
["4","规费",693.78,0]
["5","税金",4537.12,0]
{"$rows_empty":22}
["招标控制价合计",null,54949.61,0]
[]
["【清单大师计价软件江苏版V9.45】"]

{"sheet":"4.2 表-08 分部分项工程和单价措施项目清单与计价表","index":16,"n_rows":117,"n_cols":9,"rows_kept":117,"merged":[[0,0,0,8],[1,0,1,3],[1,5,1,8],[2,0,4,0],[2,1,4,1],[2,2,4,2],[2,3,4,3],[2,4,4,4],[2,5,4,5],[2,6,2,8],[3,6,4,6],[3,7,4,7],[5,2,5,3],[19,0,19,6],[21,0,21,8],[22,0,22,8],[23,0,23,3],[23,5,23,8],[24,0,26,0],[24,1,26,1],[24,2,26,2],[24,3,26,3],[24,4,26,4],[24,5,26,5],[24,6,24,8],[25,6,26,6],[25,7,26,7],[35,2,35,3],[36,2,36,3],[38,0,38,6],[40,0,40,8],[41,0,41,8],[42,0,42,3],[42,5,42,8],[43,0,45,0],[43,1,45,1],[43,2,45,2],[43,3,45,3],[43,4,45,4],[43,5,45,5],[43,6,43,8],[44,6,45,6],[44,7,45,7],[50,2,50,3],[51,2,51,3],[54,2,54,3],[55,2,55,3],[58,2,58,3],[59,2,59,3],[60,0,60,6],[62,0,62,8],[63,0,63,8],[64,0,64,3],[64,5,64,8],[65,0,67,0],[65,1,67,1],[65,2,67,2],[65,3,67,3],[65,4,67,4],[65,5,67,5],[65,6,65,8],[66,6,67,6],[66,7,67,7],[74,0,74,6],[76,0,76,8],[77,0,77,8],[78,0,78,3],[78,5,78,8],[79,0,81,0],[79,1,81,1],[79,2,81,2],[79,3,81,3],[79,4,81,4],[79,5,81,5],[79,6,79,8],[80,6,81,6],[80,7,81,7],[85,2,85,3],[86,2,86,3],[88,2,88,3],[113,0,113,6],[114,0,114,6],[116,0,116,8]],"flags":["formulas_cached_only"]}
["分部分项工程和单价措施项目清单与计价表"]
["工程名称：紫琅新天地商管、物管办公区域装修工程-客服中心安装",{"$nulls":3},"标段：","第1页 共5页"]
["序号","项目编码","项目名称","项目特征描述","计量\n单位","工程量","金额（元）"]
[{"$nulls":6},"综合单价","合价","其中"]
[{"$nulls":8},"暂估价"]
[null,null,"电气",null,null,"",0,0,0]
["1","030404017001","配电箱","1、名称:AL1\n2、规格:详系统图\n3、安装方式:嵌墙安装","台","1",1588.49,1588.49,0]
["2","030411001001","配管","1、名称:紧定式镀锌电线管\n2、规格:JDG20\n3、配置形式:砖、混凝土结构暗配","m","57.09",9.22,526.37,0]
["3","030411001002","配管","1、名称:紧定式镀锌电线管\n2、规格:JDG20\n3、配置形式:吊棚内暗敷设","m","64.86",10.55,684.27,0]
["4","030411001003","配管","1、名称:镀锌钢管\n2、规格:RC32\n3、配置形式:吊棚内暗敷设","m","15.25",42.34,645.69,0]
["5","030411006001","接线盒","1、名称:接线盒\n2、材质:铁质\n3、规格:86型\n4、安装形式:暗装","个","25",8.75,218.75,0]
["6","030411006002","接线盒","1、名称:开关盒\n2、材质:铁质\n3、规格:86型\n4、安装形式:暗装","个","20",8.94,{"v":178.8,"d":"178.80"},0]
["7","030408001001","电力电缆","1、名称:铜芯电力电缆\n2、规格:WDZ-YJVY-5*6\n3、敷设方式、部位:管道、桥架敷设","m","17.89",32.32,{"v":578.2,"d":"578.20"},0]
["8","030408006001","电力电缆头","1、名称:铜芯电缆头\n2、规格:5*6\n3、安装部位:户内","个","2",25.82,51.64,0]
["9","030411004001","配线","1、配线形式:管内穿线\n2、型号:WDZ-BYJ-2.5","m","354.96",3.76,1334.65,0]
["10","030404034001","照明开关","1、名称:单联单控","个","1",16.37,16.37,0]
["11","030404034002","照明开关","1、名称:双联单控","个","1",18.81,18.81,0]
["12","030404034003","照明开关","1、名称:三联单控","个","2",20.35,{"v":40.7,"d":"40.70"},0]
["13","030404035001","插座","1、名称:二、三眼插座\n2、安装方式:暗装","个","11",23.97,263.67,0]
["本页小计",{"$nulls":6},6146.41,0]
[]
["【清单大师计价软件江苏版V9.45】"]
["分部分项工程和单价措施项目清单与计价表"]
["工程名称：紫琅新天地商管、物管办公区域装修工程-客服中心安装",{"$nulls":3},"标段：","第2页 共5页"]
["序号","项目编码","项目名称","项目特征描述","计量\n单位","工程量","金额（元）"]
[{"$nulls":6},"综合单价","合价","其中"]
[{"$nulls":8},"暂估价"]
["14","030404035002","插座","1、名称:二、三眼插座+USB\n2、安装方式:暗装","个","2",60.17,120.34,0]
["15","030412004001","装饰灯","1、名称:嵌入式射灯（入射角可调）\n2、规格:LED：8W 光通量600lm\n3、安装形式:吊顶安装，含金属软管敷设","套","8",100.54,804.32,0]
["16","030412004002","装饰灯","1、名称:筒灯\n2、规格:LED：12W 光通量1140lm\n3、安装形式:吊顶安装，含金属软管敷设","套","6",{"v":86.7,"d":"86.70"},{"v":520.2,"d":"520.20"},0]
["17","030412004003","装饰灯","1、名称:筒灯\n2、规格:LED：2*15W 光通量2*1050lm\n3、安装形式:吊顶安装，含金属软管敷设","套","7",125.23,876.61,0]
["18","030412004004","装饰灯","1、名称:装饰吊灯\n2、规格:LED：36W 光通量2880lm\n3、安装形式:吊装","套","1",{"v":969,"d":"969.00"},{"v":969,"d":"969.00"},0]
["19","030412004005","装饰灯","1、名称:LED灯带\n2、型号:L1\n3、规格:LED：10W/m，光通量：1100lm/m","m","30",31.71,{"v":951.3,"d":"951.30"},0]
["20","030412004006","装饰灯","1、名称:LED灯带\n2、型号:L2\n3、规格:LED：10W/m，光通量：1100lm/m","m","2.32",31.71,73.57,0]
["21","031101001001","开关电源设备","1、种类:LED灯带变压器\n2、规格:功率适配灯带","台","4",96.91,387.64,0]
[null,null,"分部小计",null,null,"",0,10849.39,0]
[null,null,"智能化",null,null,"",0,0,0]
["22","030411001004","配管","1、名称:PVC阻燃塑料管\n2、规格:PC20\n3、配置形式:砖、混凝土结构暗配","m","7.58",12.04,91.26,0]
["本页小计",{"$nulls":6},4794.24,0]
[]
["【清单大师计价软件江苏版V9.45】"]
["分部分项工程和单价措施项目清单与计价表"]
["工程名称：紫琅新天地商管、物管办公区域装修工程-客服中心安装",{"$nulls":3},"标段：","第3页 共5页"]
["序号","项目编码","项目名称","项目特征描述","计量\n单位","工程量","金额（元）"]
[{"$nulls":6},"综合单价","合价","其中"]
[{"$nulls":8},"暂估价"]
["23","030411001005","配管","1、名称:PVC阻燃塑料管\n2、规格:PC25\n3、配置形式:砖、混凝土结构暗配","m","28.85",{"v":14.6,"d":"14.60"},421.21,0]
["24","030411006003","接线盒","1、名称:接线盒\n2、材质:塑料\n3、规格:86型","个","2",{"v":7.4,"d":"7.40"},{"v":14.8,"d":"14.80"},0]
["25","030411005001","接线箱","1、名称:弱电箱\n2、规格:满足智能化设计要求\n3、安装形式:暗装","个","1",{"v":202.9,"d":"202.90"},{"v":202.9,"d":"202.90"},0]
["26","030502005001","双绞线缆","1、名称:超五类线\n2、敷设方式:管、槽内敷设","m","16.66",4.08,67.97,0]
[null,null,"分部小计",null,null,"",0,798.14,0]
[null,null,"消防电",null,null,"",0,0,0]
["27","030904001001","点型探测器","1、名称:广播\n2、移位，含管线，材料换新","个","1",79.51,79.51,0]
["28","030904001002","点型探测器","1、名称:烟感探测器\n2、移位，含管线，材料换新","个","4",130.85,{"v":523.4,"d":"523.40"},0]
[null,null,"分部小计",null,null,"",0,602.91,0]
[null,null,"消防水",null,null,"",0,0,0]
["29","030901001001","水喷淋钢管","1、安装部位:室内\n2、材质:内外热浸镀锌钢管\n3、规格:DN25\n4、连接形式:螺纹连接\n5、压力试验及冲洗设计要求:按图纸及规范要求\n6、包含原管道接头拆换","m","11.57",49.41,571.67,0]
["30","030901003001","水喷淋（雾）喷头","1、安装部位:室内\n2、材质、型号、规格:吊顶型喷头 K=115 动作温度t=68°C DN15\n3、连接形式:有吊顶","个","9",39.37,354.33,0]
[null,null,"分部小计",null,null,"",0,{"v":926,"d":"926.00"},0]
[null,null,"暖通",null,null,"",0,0,0]
["本页小计",{"$nulls":6},2235.79,0]
[]
["【清单大师计价软件江苏版V9.45】"]
["分部分项工程和单价措施项目清单与计价表"]
["工程名称：紫琅新天地商管、物管办公区域装修工程-客服中心安装",{"$nulls":3},"标段：","第4页 共5页"]
["序号","项目编码","项目名称","项目特征描述","计量\n单位","工程量","金额（元）"]
[{"$nulls":6},"综合单价","合价","其中"]
[{"$nulls":8},"暂估价"]
["31","030701004001","风机盘管","1、名称:两面出风嵌入式空调室内机\n2、规格:风量:420m3/h 制冷量:2.8KW 制热量:3.0KW  功率77W 噪声:32dB(A)\n3、减振器、支架形式、材质:按图纸及规范要求设置","台","3",3164.74,9494.22,0]
["32","030701003001","空调器","1、名称:多联机室外机\n2、规格:制冷量：22.4kW 制热：25kw 功率：5.35KW 运行噪音：≤60dB(A)\n3、安装形式:落地式","台","1",19779.91,19779.91,0]
["33","031001004001","铜管","1、介质:冷媒\n2、由品牌商二次设计\n3、本计量单位每米内综合了气管、液管、分歧器、保温、支架、管内填充冷媒、室内外机的控制电缆、及温控器控制电缆等。\n4、铜管管径综合考虑，不含冷凝水管，另详冷凝水管清单。","m","26.9",159.71,{"v":4296.2,"d":"4296.20"},0]
["34","030404022001","控制器","1、名称:VRV室内机线控器","台","3",246.45,739.35,0]
["35","031001006001","塑料管","1、安装部位:室内\n2、介质:冷凝水\n3、材质、规格:PVC-U De25\n4、连接形式:粘接\n5、压力试验及吹、洗设计要求:按图纸设计及规范要求","m","9.23",26.06,240.53,0]
["36","031001006002","塑料管","1、安装部位:室内\n2、介质:冷凝水\n3、材质、规格:UPVC De32\n4、连接形式:粘结\n5、压力试验及吹、洗设计要求:按图纸及规范要求","m","7.47",{"v":29.4,"d":"29.40"},219.62,0]
["本页小计",{"$nulls":6},34769.83,0]
[]
["【清单大师计价软件江苏版V9.45】"]
["分部分项工程和单价措施项目清单与计价表"]
["工程名称：紫琅新天地商管、物管办公区域装修工程-客服中心安装",{"$nulls":3},"标段：","第5页 共5页"]
["序号","项目编码","项目名称","项目特征描述","计量\n单位","工程量","金额（元）"]
[{"$nulls":6},"综合单价","合价","其中"]
[{"$nulls":8},"暂估价"]
["37","031208002001","管道绝热","1、绝热材料品种:冷凝水橡塑保温管（B1级）\n2、绝热厚度:19mm\n3、管道外径:≤57mm","m3","0.05",1691.02,84.55,0]
["38","011615001001","开孔（打洞）","1、部位:墙体及楼板开孔","项","1",443.64,443.64,0]
["39","030704001001","通风工程检测、调试",null,"项","1",235.41,235.41,0]
[null,null,"分部小计",null,null,"",0,35533.43,0]
[null,null,"分部分项工程清单合计",null,null,"",0,48709.87,0]
["1","031301017001","脚手架搭拆",null,"项","1",259.84,259.84,0]
[null,null,"单价措施项目清单合计",null,null,"",0,259.84,0]
{"$rows_empty":24}
["本页小计",{"$nulls":6},1023.44,0]
["合    计",{"$nulls":6},48969.71,0]
[]
["【清单大师计价软件江苏版V9.45】"]

{"sheet":"4.3 表-11 总价措施项目清单与计价表","index":17,"n_rows":70,"n_cols":9,"rows_kept":70,"merged":[[0,0,0,8],[1,0,1,4],[1,6,1,8],[15,0,15,8],[16,0,16,8],[17,0,17,4],[17,6,17,8],[26,0,26,8],[27,0,27,8],[28,0,28,4],[28,6,28,8],[32,0,32,8],[33,0,33,8],[34,0,34,4],[34,6,34,8],[67,0,67,4],[69,0,69,8]],"flags":["formulas_cached_only"]}
["总价措施项目清单与计价表"]
["工程名称：紫琅新天地商管、物管办公区域装修工程-客服中心安装",{"$nulls":4},"标段：","第1页 共4页"]
["序号","项目编码","项目名称","计算基础","费率（%）","金额（元）","调整\n费率（%）","调整后\n金额（元）","备注"]
["1","031302001001","现场安全文明施工",null,0,407.89]
["1.1",null,"基本费","分部分项工程费+单价措施项目费-除税工程设备费",{"v":1.5,"d":"1.500"},{"v":357.8,"d":"357.80"}]
["1.2",null,"标化增加费","分部分项工程费+单价措施项目费-除税工程设备费",0,0]
["1.3",null,"扬尘污染防治增加费","分部分项工程费+单价措施项目费-除税工程设备费",{"v":0.21,"d":"0.210"},50.09]
["2","031302010001","工程按质论价","分部分项工程费+单价措施项目费-除税工程设备费",0,0]
["3","031302002001","夜间施工","分部分项工程费+单价措施项目费-除税工程设备费",0,0]
["4","031302004001","二次搬运","分部分项工程费+单价措施项目费-除税工程设备费",0,0]
["5","031302005001","冬雨季施工","分部分项工程费+单价措施项目费-除税工程设备费",0,0]
["6","03B001","地上、地下设施、建筑物的临时保护设施","分部分项工程费+单价措施项目费-除税工程设备费",0,0]
["7","031302006001","已完工程及设备保护费","分部分项工程费+单价措施项目费-除税工程设备费",0,0]
["8","031302008001","临时设施费","分部分项工程费+单价措施项目费-除税工程设备费",{"v":1.1,"d":"1.100"},262.39]
[]
["【清单大师计价软件江苏版V9.45】"]
["总价措施项目清单与计价表"]
["工程名称：紫琅新天地商管、物管办公区域装修工程-客服中心安装",{"$nulls":4},"标段：","第2页 共4页"]
["序号","项目编码","项目名称","计算基础","费率（%）","金额（元）","调整\n费率（%）","调整后\n金额（元）","备注"]
["9","031302009001","赶工措施费","分部分项工程费+单价措施项目费-除税工程设备费",0,0]
["10","03B002","特殊条件下施工增加费","分部分项工程费+单价措施项目费-除税工程设备费",0,0]
["11","031302003001","非夜间施工照明","分部分项工程费+单价措施项目费-除税工程设备费",0,0]
["12","031302011001","住宅工程分户验收","分部分项工程费+单价措施项目费-除税工程设备费",0,0]
["13","031302012001","建筑工人实名制费用","分部分项工程费+单价措施项目费-除税工程设备费",{"v":0.03,"d":"0.030"},7.16]
["14","031302015001","智慧工地费用","分部分项工程费+单价措施项目费-除税工程设备费",0,0,null,null,"现场安全隐患排查、人员信息动态管理、扬尘管控视频监控、高处作业防护预警、危大工程监测预警和集成平台等设备、软件和管理费用。"]
[]
["【清单大师计价软件江苏版V9.45】"]
["总价措施项目清单与计价表"]
["工程名称：紫琅新天地商管、物管办公区域装修工程-客服中心安装",{"$nulls":4},"标段：","第3页 共4页"]
["序号","项目编码","项目名称","计算基础","费率（%）","金额（元）","调整\n费率（%）","调整后\n金额（元）","备注"]
["15","031302016001","新冠疫情常态化防控","分部分项工程费+单价措施项目费-除税工程设备费",{"v":0.3,"d":"0.300"},71.56,null,null,"1. 防控物资费：口罩、酒精、测温枪、红外体温探测仪、防护服、护目镜、手套、消毒喷壶、电动喷雾器、水银温度计、防疫标语、宣传牌、废弃防疫物资专用回收箱（垃圾桶）等。2.防控人员费：因疫情防控增加的专职消杀人员及现场管理人员的工资。3.防控增加的临时设施费：主要为现场设置的隔离棚、隔离围栏、隔离用集装箱、扩建的工人宿舍"]
[]
["【清单大师计价软件江苏版V9.45】"]
["总价措施项目清单与计价表"]
["工程名称：紫琅新天地商管、物管办公区域装修工程-客服中心安装",{"$nulls":4},"标段：","第4页 共4页"]
["序号","项目编码","项目名称","计算基础","费率（%）","金额（元）","调整\n费率（%）","调整后\n金额（元）","备注"]
[{"$nulls":4},{"v":0.3,"d":"0.300"},71.56,null,null,"等。4.重点人群常态化核酸自费检测费用、交通和时间占用。"]
{"$rows_empty":30}
["合   计",{"$nulls":4},{"v":749,"d":"749.00"}]
[]
["【清单大师计价软件江苏版V9.45】"]

{"sheet":"4.4 表-12 其他项目清单与计价汇总表","index":18,"n_rows":45,"n_cols":5,"rows_kept":45,"merged":[[0,0,0,4],[1,0,1,2],[42,0,42,1],[44,0,44,4]],"flags":["formulas_cached_only"]}
["其他项目清单与计价汇总表"]
["工程名称：紫琅新天地商管、物管办公区域装修工程-客服中心安装",null,null,"标段：","第1页 共1页"]
["序号","项目名称","金额(元)","结算金额(元)","备注"]
["1","暂列金额",0]
["2","暂估价",0]
["2.1","材料暂估价",0]
["2.2","专业工程暂估价",0]
["3","计日工",0]
["4","总承包服务费",0]
{"$rows_empty":33}
["合  计",null,0]
[]
["【清单大师计价软件江苏版V9.45】"]

{"sheet":"4.5 表-12-1 暂列金额明细表","index":19,"n_rows":45,"n_cols":5,"rows_kept":45,"merged":[[0,0,0,4],[1,0,1,2],[42,0,42,2],[44,0,44,4]],"flags":["formulas_cached_only"]}
["暂列金额明细表"]
["工程名称：紫琅新天地商管、物管办公区域装修工程-客服中心安装",null,null,"标段：","第1页 共1页"]
["序号","项目名称","计量单位","暂定金额(元)","备注"]
{"$rows_empty":39}
["合  计",null,null,0]
[]
["【清单大师计价软件江苏版V9.45】"]

{"sheet":"4.6 表-13 规费、税金项目计价表","index":20,"n_rows":41,"n_cols":6,"rows_kept":41,"merged":[[0,0,0,5],[1,0,1,2],[1,4,1,5],[38,0,38,4],[40,0,40,5]],"flags":["formulas_cached_only"]}
["规费、税金项目计价表"]
["工程名称：紫琅新天地商管、物管办公区域装修工程-客服中心安装",null,null,"标段：","第1页 共1页"]
["序号","项目名称","计算基础","计算基数(元)","计算费率(％)","金额(元)"]
["1","规费",null,693.78,0,693.78]
["1.1","社会保险费","分部分项工程费+措施项目费+其他项目费-除税工程设备费",24602.21,{"v":2.4,"d":"2.400"},590.45]
["1.2","住房公积金","分部分项工程费+措施项目费+其他项目费-除税工程设备费",24602.21,{"v":0.42,"d":"0.420"},103.33]
["1.3","环境保护税","分部分项工程费+措施项目费+其他项目费-除税工程设备费",24602.21,0,0]
["2","税金","分部分项工程费+措施项目费+其他项目费+规费-除税甲供材料和甲供设备费/1.01",50412.49,{"v":9,"d":"9.000"},4537.12]
{"$rows_empty":30}
["合  计",{"$nulls":4},{"v":5230.9,"d":"5230.90"}]
[]
["【清单大师计价软件江苏版V9.45】"]

{"sheet":"4.7 承包人供应材料一览表（2008清单规范）","index":21,"n_rows":239,"n_cols":11,"rows_kept":239,"merged":[[0,0,0,10],[1,0,1,5],[1,7,1,10],[36,0,36,10],[37,0,37,10],[38,0,38,5],[38,7,38,10],[79,0,79,10],[80,0,80,10],[81,0,81,5],[81,7,81,10],[120,0,120,10],[121,0,121,10],[122,0,122,5],[122,7,122,10],[157,0,157,10],[158,0,158,10],[159,0,159,5],[159,7,159,10],[195,0,195,10],[196,0,196,10],[197,0,197,5],[197,7,197,10],[236,0,236,6],[238,0,238,10]],"flags":["formulas_cached_only"]}
["承包人供应材料一览表"]
["工程名称：紫琅新天地商管、物管办公区域装修工程-客服中心安装",{"$nulls":5},"标段：","第1页 共6页"]
["序号","材料编码","材料名称","规格、型号\n等特殊要求","单位","数量","单价\n(元)","合价\n(元)","供应商\n(品牌)","产地","备注"]
["1","01030106","钢丝","φ1.6","kg",0.319,{"v":6,"d":"6.00"},1.92]
["2","01090166","圆钢","φ5.5～9","kg",0.137,4.42,0.61]
["3","01090172","圆钢","φ10～14","kg",4.264,4.42,18.85]
["4","01210332","等边角钢","∟60×5","kg",56.332,4.18,235.47]
["5","01270101","镀锌型钢",null,"kg",{"v":31.2,"d":"31.200"},4.75,{"v":148.2,"d":"148.20"}]
["6","01290108","钢板","δ1.0～1.5 Q235","kg",{"v":2.37,"d":"2.370"},4.48,10.62]
["7","01290154","钢板","δ12～20 Q235","kg",0.428,4.35,1.86]
["8","01290436","热镀锌钢板","δ2.5 Q235B","m2",{"v":0.04,"d":"0.040"},87.01,3.48]
["9","01293501","钢垫板",null,"kg",{"v":0.15,"d":"0.150"},3.77,0.57]
["10","01550304","封铅","含铅65%含锡35%","kg",0.041,8.58,0.35]
["11","02010508","石棉橡胶板","低中压 δ0.8～6","kg",0.062,11.06,0.69]
["12","02070226","橡胶垫","δ2","m2",0.021,14.58,0.31]
["13","02090105","聚氯乙烯薄膜",null,"kg",{"v":0.03,"d":"0.030"},7.72,0.23]
["14","02190109","聚四氟乙烯生料带","宽20","m",4.066,{"v":0.3,"d":"0.30"},1.22]
["15","02190109","聚四氟乙烯生料带","宽20","m",8.091,{"v":0.3,"d":"0.30"},2.43]
["16","02190142","尼龙卡带","4×50","个",99.869,0.18,17.98]
["17","02270106","白布",null,"m",{"v":0.1,"d":"0.100"},3.43,0.34]
["18","02270131","破布",null,"kg",{"v":0.2,"d":"0.200"},{"v":6,"d":"6.00"},{"v":1.2,"d":"1.20"}]
["19","02270131","破布",null,"kg",0.241,{"v":6,"d":"6.00"},1.45]
["20","03030217","镀锌半圆头螺钉","M6～12×12～50","十个",17.006,0.13,2.21]
["21","03031209","自攻螺钉","M4×40","十个",{"v":5.2,"d":"5.200"},0.25,{"v":1.3,"d":"1.30"}]
["22","03031211","自攻螺钉","M4×60","十个",2.744,0.26,0.71]
["23","03031212","自攻螺钉","M4×65","十个",3.833,0.27,1.03]
["24","03031234","自攻螺钉","M6×40","十个",1.224,0.67,0.82]
["25","03050102","螺栓",null,"套",{"v":0.37,"d":"0.370"},0.21,0.08]
["26","03050516","精制带母镀锌螺栓","M10×75","套",6.163,0.67,4.13]
["27","03050608","精制带母镀锌螺栓","带垫 M10×80～130","套",{"v":3.06,"d":"3.060"},1.17,3.58]
["28","03050651","精制带母镀锌螺栓","M8×50内2平1弹垫","套",1.424,0.69,0.98]
["29","03050654","精制带母镀锌螺栓","M10×100内2平1弹垫","套",{"v":2.1,"d":"2.100"},{"v":1.1,"d":"1.10"},2.31]
["30","03070126","膨胀螺栓","M12","套",{"v":2.04,"d":"2.040"},1.03,{"v":2.1,"d":"2.10"}]
["31","03070133","膨胀螺栓","M12×200","套",{"v":32.96,"d":"32.960"},{"v":3,"d":"3.00"},98.88]
["32","03070806","塑料膨胀管","φ6×50","十个",{"v":0.16,"d":"0.160"},0.69,0.11]
[]
["【清单大师计价软件江苏版V9.45】"]
["承包人供应材料一览表"]
["工程名称：紫琅新天地商管、物管办公区域装修工程-客服中心安装",{"$nulls":5},"标段：","第2页 共6页"]
["序号","材料编码","材料名称","规格、型号\n等特殊要求","单位","数量","单价\n(元)","合价\n(元)","供应商\n(品牌)","产地","备注"]
["33","03070807","塑料膨胀管","φ8×50","十个",4.282,0.86,3.68]
["34","03090212","精制六角螺母","M6～10","十个",{"v":1.2,"d":"1.200"},0.69,0.83]
["35","03131104","垫圈","M10～20","十个",{"v":1.2,"d":"1.200"},0.43,0.52]
["36","03210211","砂轮片","φ400","片",0.283,11.58,3.28]
["37","03210211","砂轮片","φ400","片",0.134,11.58,1.55]
["38","03210211","砂轮片","φ400","片",0.144,11.58,1.67]
["39","03270104","铁砂布","2#","张",{"v":1.8,"d":"1.800"},0.86,1.55]
["40","03410206","电焊条","J422 φ3.2","kg",0.137,6.46,0.89]
["41","03410206","电焊条","J422 φ3.2","kg",0.023,6.46,0.15]
["42","03410207","电焊条","J422 φ4","kg",{"v":0.57,"d":"0.570"},6.46,3.68]
["43","03411302","焊锡",null,"kg",{"v":0.81,"d":"0.810"},36.87,29.86]
["44","03430900","焊锡丝",null,"kg",{"v":0.07,"d":"0.070"},42.88,{"v":3,"d":"3.00"}]
["45","03450404","焊锡膏","瓶装50g","kg",0.085,51.45,{"v":4.4,"d":"4.40"}]
["46","03570217","镀锌铁丝","8#～12#","kg",0.033,5.82,0.19]
["47","03570225","镀锌铁丝","13#～17#","kg",0.927,5.82,{"v":5.4,"d":"5.40"}]
["48","03570225","镀锌铁丝","13#～17#","kg",0.089,5.82,0.52]
["49","03570237","镀锌铁丝","22#","kg",0.257,5.82,1.49]
["50","03633105","冲击钻头","φ6～8","根",{"v":0.48,"d":"0.480"},1.72,0.83]
["51","03633106","冲击钻头","φ6～12","根",0.175,2.57,0.45]
["52","03633108","冲击钻头","φ10～20","根",0.051,{"v":6,"d":"6.00"},0.31]
["53","03652404","金刚石锯片","φ114×1.8","片",0.664,17.15,11.39]
["54","03652421","锯条",null,"根",3.718,0.19,0.71]
["55","04010611","水泥","32.5级","kg",59.377,{"v":0.4,"d":"0.40"},23.75]
["56","04030107","中砂",null,"t",0.378,179.72,67.91]
["57","05050111","胶合板","2440×1220×6","m2",{"v":0.12,"d":"0.120"},10.29,1.23]
["58","11030305","醇酸防锈漆","C53-1","kg",0.573,12.87,7.38]
["59","11030525","防火涂料","A60-1","kg",{"v":0.25,"d":"0.250"},16.29,4.07]
["60","11030703","沥青漆",null,"kg",0.074,10.29,0.76]
["61","11030704","沥青清漆",null,"kg",0.081,{"v":6,"d":"6.00"},0.48]
["62","11030904","沥青绝缘漆",null,"kg",0.088,15.44,1.35]
["63","11112504","无光调和漆",null,"kg",{"v":0.03,"d":"0.030"},12.86,0.39]
["64","11112524","厚漆",null,"kg",0.197,8.58,1.69]
["65","11452103","工业酒精","99.5%","kg",0.045,6.86,0.31]
["66","11591104","玻璃胶","310g","支",{"v":0.01,"d":"0.010"},12.86,0.13]
["67","12010103","汽油",null,"kg",{"v":2.25,"d":"2.250"},9.12,20.52]
["68","12030106","溶剂汽油",null,"kg",0.143,7.89,1.13]
["69","12050311","机油",null,"kg",0.219,7.72,1.69]
["70","12050311","机油",null,"kg",0.057,7.72,0.44]
[]
["【清单大师计价软件江苏版V9.45】"]
["承包人供应材料一览表"]
["工程名称：紫琅新天地商管、物管办公区域装修工程-客服中心安装",{"$nulls":5},"标段：","第3页 共6页"]
["序号","材料编码","材料名称","规格、型号\n等特殊要求","单位","数量","单价\n(元)","合价\n(元)","供应商\n(品牌)","产地","备注"]
["71","12060317","清油",null,"kg",0.081,13.72,1.11]
["72","12070109","电力复合脂",null,"kg",0.525,17.15,9.01]
["73","12300367","硬酯酸","一级","kg",0.004,10.29,0.04]
["74","12310331","漂白粉",null,"kg",0.015,3.43,0.05]
["75","12331305","丙酮清洗剂",null,"kg",0.024,15.44,0.37]
["76","12370305","氧气",null,"m3",0.407,2.83,1.15]
["77","12370305","氧气",null,"m3",0.017,2.83,0.05]
["78","12370335","乙炔气",null,"kg",0.145,15.44,2.23]
["79","12370335","乙炔气",null,"kg",0.006,15.44,0.09]
["80","12410101","粘结剂",null,"kg",{"v":0.35,"d":"0.350"},15.44,{"v":5.4,"d":"5.40"}]
["81","12410104","粘结剂","卫生级","kg",0.064,15.44,0.98]
["82","12413518","901胶",null,"kg",{"v":0.04,"d":"0.040"},2.14,0.09]
["83","12413537","立时得胶",null,"kg",{"v":0.05,"d":"0.050"},12.43,0.62]
["84","12413542","胶合剂",null,"kg",0.035,8.56,{"v":0.3,"d":"0.30"}]
["85","12430303","胶带","(9m/卷)","卷",{"v":0.4,"d":"0.400"},4.44,1.78]
["86","12430344","自粘橡胶带","20mm×5m","卷",{"v":0.1,"d":"0.100"},12.43,1.24]
["87","12430365","塑料胶布带","25mm×10m","卷",0.887,3.14,2.79]
["88","13120503","橡塑保温板",null,"m3",0.052,1064.75,54.83]
["89","13121124","聚酯乙烯泡沫塑料",null,"kg",{"v":0.3,"d":"0.300"},47.17,14.15]
["90","14010305-4","镀锌钢管","DN32","m",15.708,19.45,305.51]
["91","14030319","热镀锌钢管","DN25","m",11.801,13.97,164.87]
["92","14050130","无缝钢管","φ57×3","m",0.012,20.86,0.24]
["93","14210121","金属软管","CP15","m",{"v":14.42,"d":"14.420"},{"v":2,"d":"2.00"},28.84]
["94","14310503-2","UPVC给水管","De25","m",9.415,2.48,23.35]
["95","14310503-3","UPVC给水管","De32","m",7.619,3.44,26.21]
["96","14312502","塑料软管",null,"kg",{"v":0.15,"d":"0.150"},15.78,2.37]
["97","14312509","塑料软管","dn6","m",{"v":1,"d":"1.000"},1.89,1.89]
["98","14350105","异型塑料管","dn2.5～5","m",{"v":0.25,"d":"0.250"},1.17,0.29]
["99","14350106","异型塑料管","dn5","m",{"v":0.25,"d":"0.250"},1.17,0.29]
["100","14370507","橡胶软管","φ50","m",0.093,26.76,2.48]
["101","15020301","镀锌钢管接头零件","DN25","个",{"v":16.73,"d":"16.730"},2.47,41.32]
["102","15021307","镀锌管箍","DN25","个",{"v":9.09,"d":"9.090"},1.93,17.54]
["103","15021703","镀锌丝堵","DN15","个",{"v":0.9,"d":"0.900"},0.93,0.84]
["104","15022307","镀锌弯头","DN25","个",5.454,{"v":2.7,"d":"2.70"},14.73]
["105","15023129","镀锌锁紧螺母","3×32","个",2.356,0.54,1.27]
["106","15023141","镀锌锁紧螺母","M15～20×3","个",76.225,0.12,9.15]
[]
["【清单大师计价软件江苏版V9.45】"]
["承包人供应材料一览表"]
["工程名称：紫琅新天地商管、物管办公区域装修工程-客服中心安装",{"$nulls":5},"标段：","第4页 共6页"]
["序号","材料编码","材料名称","规格、型号\n等特殊要求","单位","数量","单价\n(元)","合价\n(元)","供应商\n(品牌)","产地","备注"]
["107","15023141","镀锌锁紧螺母","M15～20×3","个",{"v":4.45,"d":"4.450"},0.12,0.53]
["108","15130305","金属软管接头","φ15～20","个",{"v":28.84,"d":"28.840"},1.37,39.51]
["109","15212506","给水塑料管管夹","dn20","个",12.414,1.29,16.01]
["110","15212507","给水塑料管管夹","dn25","个",{"v":8.21,"d":"8.210"},1.97,16.17]
["111","15271912","管接头","FST20","个",1.114,0.25,0.28]
["112","15271913","管接头","FST25","个",4.241,0.33,{"v":1.4,"d":"1.40"}]
["113","15370113","管卡(紧定管用)","DN20","个",84.175,0.15,12.63]
["114","15370312","镀锌管卡","DN32","个",13.037,1.59,20.73]
["115","16410113","阀门","DN50 PN10","个",0.012,{"v":92.9,"d":"92.90"},1.07]
["116","17010920","平焊法兰","0.6MPa DN50","片",0.012,20.32,0.24]
["117","20210101","消防喷头","DN15 有吊顶 K115","个",{"v":9.09,"d":"9.090"},10.65,96.81]
["118","22470111","嵌入式射灯（入射角可调）",null,"套",{"v":8.08,"d":"8.080"},84.29,681.06]
["119","22470111","筒灯",null,"套",{"v":6.06,"d":"6.060"},39.93,241.98]
["120","22470111","装饰吊灯","LED：36W","套",{"v":1.01,"d":"1.010"},443.64,448.08]
["121","22470111","LED灯带","L1 10W/m","套",{"v":30.3,"d":"30.300"},19.52,591.46]
["122","22470111","筒灯","LED2*15W","套",{"v":7.07,"d":"7.070"},78.08,552.03]
["123","22470111","LED灯带","L2 10W/m","套",2.343,19.52,45.74]
["124","23230131","照明开关","扳式暗开关(单控单联)","只",{"v":1.02,"d":"1.020"},5.32,5.43]
["125","23230131","照明开关","扳式暗开关(单控双联)","只",{"v":1.02,"d":"1.020"},{"v":7.1,"d":"7.10"},7.24]
["126","23230131","照明开关","扳式暗开关(单控三联)","只",{"v":2.04,"d":"2.040"},7.99,{"v":16.3,"d":"16.30"}]
["127","23412504","成套插座","单相暗插座15A5孔","套",{"v":11.22,"d":"11.220"},8.87,99.52]
["128","23412504","二、三眼插座+USB",null,"套",{"v":2.04,"d":"2.040"},44.36,90.49]
["129","24150703","瓷接头","双路","个",{"v":8.24,"d":"8.240"},0.24,1.98]
["130","24170102","黄漆布带","20mm×40m","卷",{"v":0.63,"d":"0.630"},17.15,{"v":10.8,"d":"10.80"}]
["131","25010309","裸铜线","10mm2","kg",{"v":0.2,"d":"0.200"},56.42,11.28]
["132","25030103","BV铜芯聚氯乙烯绝缘线","450V/750V1.5mm2","m",1.985,0.97,1.93]
["133","25030104","BV铜芯聚氯乙烯绝缘线","450V/750V2.5mm2","m",9.919,{"v":1.5,"d":"1.50"},14.88]
["134","25030141","BV铜芯聚氯乙烯绝缘线","105℃-1.5mm2","m",36.838,1.09,40.15]
["135","25030142","BV铜芯聚氯乙烯绝缘线","105℃-2.5mm2","m",7.388,1.65,12.19]
["136","25430311","配线","WDZ-BYJ-2.5","m",411.754,2.04,839.98]
["137","25430507","双绞线缆",null,"m",16.993,2.48,42.14]
["138","26060121","刚性阻燃管","DN20","m",8.338,1.82,15.18]
[]
["【清单大师计价软件江苏版V9.45】"]
["承包人供应材料一览表"]
["工程名称：紫琅新天地商管、物管办公区域装修工程-客服中心安装",{"$nulls":5},"标段：","第5页 共6页"]
["序号","材料编码","材料名称","规格、型号\n等特殊要求","单位","数量","单价\n(元)","合价\n(元)","供应商\n(品牌)","产地","备注"]
["139","26060121","刚性阻燃管","DN25","m",31.735,2.72,86.32]
["140","26060351","紧定式镀锌电线管","DN20","m",125.609,2.73,342.91]
["141","26064105","塑料护口(钢管用)","dn15","个",76.225,{"v":0.1,"d":"0.10"},7.62]
["142","26064105","塑料护口(钢管用)","dn15","个",{"v":4.45,"d":"4.450"},{"v":0.1,"d":"0.10"},0.45]
["143","26064110","塑料护口(钢管用)","dn32","个",2.356,0.25,0.59]
["144","26064306","紧定式直管接头","φ20","个",21.353,1.54,32.88]
["145","26065133","镀锌电线管接头","φ32×6","个",2.513,1.79,{"v":4.5,"d":"4.50"}]
["146","26065306","紧定式锁母","φ20","个",20.605,{"v":0.9,"d":"0.90"},18.54]
["147","26090503","铜接线端子","DT-4mm2","个",{"v":22.33,"d":"22.330"},1.29,28.81]
["148","26090507","铜接线端子","DT-10mm2","个",{"v":2.03,"d":"2.030"},2.43,4.93]
["149","26110101","接线盒（铁质）",null,"只",{"v":45.9,"d":"45.900"},2.66,122.09]
["150","26110101","暗装接线盒（塑料）",null,"只",{"v":2.04,"d":"2.040"},1.33,2.71]
["151","26110145","钢接线盒",null,"个",{"v":13.26,"d":"13.260"},2.32,30.76]
["152","26110301","接线箱","半周长700mm以内","个",{"v":1,"d":"1.000"},70.98,70.98]
["153","26250311","镀锌电缆卡子","2×35","个",0.719,1.46,1.05]
["154","30250111","减震器",null,"台",{"v":12,"d":"12.000"},17.75,{"v":213,"d":"213.00"}]
["155","30250111","减震垫",null,"台",{"v":4,"d":"4.000"},39.93,159.72]
["156","31110301","棉纱头",null,"kg",{"v":1.45,"d":"1.450"},5.57,8.08]
["157","31110301","棉纱头",null,"kg",0.047,5.57,0.26]
["158","31130106","其它材料费",null,"元",{"v":19.96,"d":"19.960"},0.86,17.17]
["159","31130106","其它材料费",null,"元",2.155,0.86,1.85]
["160","31150101","水",null,"m3",0.905,{"v":5.1,"d":"5.10"},4.62]
["161","31150101","水",null,"m3",1.134,{"v":5.1,"d":"5.10"},5.78]
["162","31170103","标志牌",null,"个",1.233,0.16,{"v":0.2,"d":"0.20"}]
["163","510000F","VRV室内机线控器",null,"台",{"v":3,"d":"3.000"},{"v":195.2,"d":"195.20"},{"v":585.6,"d":"585.60"}]
["164","510000F","LED灯带变压器",null,"台",{"v":4,"d":"4.000"},70.98,283.92]
["165","CL040268","配电箱","AL1","台",{"v":1,"d":"1.000"},1330.93,1330.93]
["166","CL040738","电力电缆","WDZ-YJVY-5*6","m",18.069,26.32,475.57]
["167","CL090158","总线制感烟探测器",null,"个",{"v":4,"d":"4.000"},44.36,177.44]
["168","CL090210","吸顶式扬声器",null,"个",{"v":1,"d":"1.000"},39.93,39.93]
["169","CL100225","室内UPVC给水管件","De25","个",10.633,1.87,19.88]
["170","CL100226","室内UPVC给水管件","De32","个",7.455,1.47,10.96]
["171","D00005","铜管、保温及附件",null,"m",{"v":26.9,"d":"26.900"},159.71,{"v":4296.2,"d":"4296.20"}]
[]
["【清单大师计价软件江苏版V9.45】"]
["承包人供应材料一览表"]
["工程名称：紫琅新天地商管、物管办公区域装修工程-客服中心安装",{"$nulls":5},"标段：","第6页 共6页"]
["序号","材料编码","材料名称","规格、型号\n等特殊要求","单位","数量","单价\n(元)","合价\n(元)","供应商\n(品牌)","产地","备注"]
["172","D00006","墙体及楼板开孔",null,"项",{"v":1,"d":"1.000"},443.64,443.64]
["173","SB19400101","两面出风嵌入式空调室内机","FXCP28MMVC","台",{"v":3,"d":"3.000"},2502.16,7506.48]
["174","SB50030101","多联机室外机","RHXYQ8AB","台",{"v":1,"d":"1.000"},17392.65,17392.65]
{"$rows_empty":34}
["合计",{"$nulls":6},39217.31]
[]
["【清单大师计价软件江苏版V9.45】"]